<?xml version="1.0" encoding="UTF-8"?>
<record
    xmlns:xsi="http://www.w3.org/2001/XMLSchema-instance"
    xsi:schemaLocation="http://www.loc.gov/MARC21/slim http://www.loc.gov/standards/marcxml/schema/MARC21slim.xsd"
    xmlns="http://www.loc.gov/MARC21/slim">

  <leader>01286nas a2200265 454500</leader>
  <controlfield tag="001">15247</controlfield>
  <controlfield tag="005">20260407193505.0</controlfield>
  <controlfield tag="008">260407s1982####ag###########|||spa#d</controlfield>
  <controlfield tag="003">AR-UNSa-BCEJYS</controlfield>
  <datafield tag="040" ind1=" " ind2=" ">
    <subfield code="a">AR-UNSa-BCEJYS</subfield>
    <subfield code="b">spa</subfield>
    <subfield code="c">AR-UNSa-BCEJYS</subfield>
  </datafield>
  <datafield tag="080" ind1=" " ind2=" ">
    <subfield code="a">349.2</subfield>
    <subfield code="x">Derecho del Trabajo</subfield>
  </datafield>
  <datafield tag="245" ind1="1" ind2="0">
    <subfield code="a">Trabajo y seguridad social</subfield>
    <subfield code="p">revista de doctrina, jurisprudencia y legislaci&#xF3;n</subfield>
  </datafield>
  <datafield tag="022" ind1=" " ind2=" ">
    <subfield code="a">1667-1813</subfield>
  </datafield>
  <datafield tag="264" ind1=" " ind2="1">
    <subfield code="a">Buenos Aires :</subfield>
    <subfield code="b">El Derecho</subfield>
    <subfield code="c">1982</subfield>
  </datafield>
  <datafield tag="310" ind1=" " ind2=" ">
    <subfield code="a">Frecuencia: Mensual</subfield>
  </datafield>
  <datafield tag="505" ind1=" " ind2=" ">
    <subfield code="a">Cambia de Director a partir del N&#xBA; 9, A&#xF1;o 1980 por un Com&#xED;te Cient&#xED;fico: German J. Bidart Campos ; Hugo C. Carcavallo ; Juan Jos&#xE9; Etala ; Horacio Ferro ; Jorge Hiriart ; Justo L&#xF3;pez ; Benito Perez ; Eduardo R. Stafforini ; Mariano R. Tissembaum ; Antonio Vazquez Vialard
Cambia de Director a partir del N&#xBA; 3, A&#xF1;o 1981 por Julio A. Prandi
Cambia de Director a partir del N&#xBA; 7, A&#xF1;o 1984 por Hugo R. Carcavallo</subfield>
  </datafield>
  <datafield tag="942" ind1=" " ind2=" ">
    <subfield code="c">SER</subfield>
  </datafield>
  <datafield tag="590" ind1=" " ind2=" ">
    <subfield code="a">niveau_biblio:s niveau_hierar:1</subfield>
  </datafield>
  <datafield tag="100" ind1="1" ind2=" ">
    <subfield code="a">Universidad Cat&#xF3;lica Argentina (UCA)</subfield>
  </datafield>
  <datafield tag="700" ind1="1" ind2=" ">
    <subfield code="a">Deveali, Mario L.</subfield>
  </datafield>
  <datafield tag="650" ind1=" " ind2=" ">
    <subfield code="a">Seguridad social</subfield>
  </datafield>
  <datafield tag="650" ind1=" " ind2=" ">
    <subfield code="a">Trabajo</subfield>
  </datafield>
  <datafield tag="650" ind1=" " ind2=" ">
    <subfield code="a">Derecho laboral</subfield>
  </datafield>
  <datafield tag="856" ind1="4" ind2="1">
    <subfield code="u">https://biblioeco.unsa.edu.ar/pmb/images/revistas/Trabajo y Seguridad Social.jpg</subfield>
    <subfield code="y">Imagen de portada</subfield>
    <subfield code="q">image/jpeg</subfield>
  </datafield>
  <datafield tag="999" ind1=" " ind2=" ">
    <subfield code="c">8476</subfield>
    <subfield code="d">8476</subfield>
  </datafield>
  <datafield tag="952" ind1=" " ind2=" ">
    <subfield code="0">0</subfield>
    <subfield code="1">0</subfield>
    <subfield code="4">0</subfield>
    <subfield code="7">0</subfield>
    <subfield code="a">BCEJYS</subfield>
    <subfield code="b">BCEJYS</subfield>
    <subfield code="c">17</subfield>
    <subfield code="d">1989-11-01</subfield>
    <subfield code="h">N&#xBA; 11 - nov. 1989</subfield>
    <subfield code="l">0</subfield>
    <subfield code="o">H349.2 SOC 11.1989</subfield>
    <subfield code="p">R07665</subfield>
    <subfield code="r">2026-04-10 16:07:37</subfield>
    <subfield code="w">2026-04-10</subfield>
    <subfield code="y">RN</subfield>
  </datafield>
  <datafield tag="952" ind1=" " ind2=" ">
    <subfield code="0">0</subfield>
    <subfield code="1">0</subfield>
    <subfield code="4">0</subfield>
    <subfield code="7">0</subfield>
    <subfield code="a">BCEJYS</subfield>
    <subfield code="b">BCEJYS</subfield>
    <subfield code="c">17</subfield>
    <subfield code="d">1989-10-01</subfield>
    <subfield code="h">N&#xBA; 10 - oct. 1989</subfield>
    <subfield code="l">0</subfield>
    <subfield code="o">H349.2 SOC 10.1989</subfield>
    <subfield code="p">R07664</subfield>
    <subfield code="r">2026-04-10 16:07:37</subfield>
    <subfield code="w">2026-04-10</subfield>
    <subfield code="y">RN</subfield>
  </datafield>
  <datafield tag="952" ind1=" " ind2=" ">
    <subfield code="0">0</subfield>
    <subfield code="1">0</subfield>
    <subfield code="4">0</subfield>
    <subfield code="7">0</subfield>
    <subfield code="a">BCEJYS</subfield>
    <subfield code="b">BCEJYS</subfield>
    <subfield code="c">17</subfield>
    <subfield code="d">1989-09-01</subfield>
    <subfield code="h">N&#xBA; 9 - sep. 1989</subfield>
    <subfield code="l">0</subfield>
    <subfield code="o">H349.2 SOC 9.1989</subfield>
    <subfield code="p">R07663</subfield>
    <subfield code="r">2026-04-10 16:07:37</subfield>
    <subfield code="w">2026-04-10</subfield>
    <subfield code="y">RN</subfield>
  </datafield>
  <datafield tag="952" ind1=" " ind2=" ">
    <subfield code="0">0</subfield>
    <subfield code="1">0</subfield>
    <subfield code="4">0</subfield>
    <subfield code="7">0</subfield>
    <subfield code="a">BCEJYS</subfield>
    <subfield code="b">BCEJYS</subfield>
    <subfield code="c">17</subfield>
    <subfield code="d">1989-08-01</subfield>
    <subfield code="h">N&#xBA; 8 - ago. 1989</subfield>
    <subfield code="l">0</subfield>
    <subfield code="o">H349.2 SOC 8.1989</subfield>
    <subfield code="p">R07662</subfield>
    <subfield code="r">2026-04-10 16:07:37</subfield>
    <subfield code="w">2026-04-10</subfield>
    <subfield code="y">RN</subfield>
  </datafield>
  <datafield tag="952" ind1=" " ind2=" ">
    <subfield code="0">0</subfield>
    <subfield code="1">0</subfield>
    <subfield code="4">0</subfield>
    <subfield code="7">0</subfield>
    <subfield code="a">BCEJYS</subfield>
    <subfield code="b">BCEJYS</subfield>
    <subfield code="c">17</subfield>
    <subfield code="d">1989-07-01</subfield>
    <subfield code="h">N&#xBA; 7 - jul. 1989</subfield>
    <subfield code="l">0</subfield>
    <subfield code="o">H349.2 SOC 7.1989</subfield>
    <subfield code="p">R07661</subfield>
    <subfield code="r">2026-04-10 16:07:37</subfield>
    <subfield code="w">2026-04-10</subfield>
    <subfield code="y">RN</subfield>
  </datafield>
  <datafield tag="952" ind1=" " ind2=" ">
    <subfield code="0">0</subfield>
    <subfield code="1">0</subfield>
    <subfield code="4">0</subfield>
    <subfield code="7">0</subfield>
    <subfield code="a">BCEJYS</subfield>
    <subfield code="b">BCEJYS</subfield>
    <subfield code="c">17</subfield>
    <subfield code="d">1989-06-01</subfield>
    <subfield code="h">N&#xBA; 6 - jun. 1989</subfield>
    <subfield code="l">0</subfield>
    <subfield code="o">H349.2 SOC 6.1989</subfield>
    <subfield code="p">R07660</subfield>
    <subfield code="r">2026-04-10 16:07:37</subfield>
    <subfield code="w">2026-04-10</subfield>
    <subfield code="y">RN</subfield>
  </datafield>
  <datafield tag="952" ind1=" " ind2=" ">
    <subfield code="0">0</subfield>
    <subfield code="1">0</subfield>
    <subfield code="4">0</subfield>
    <subfield code="7">0</subfield>
    <subfield code="a">BCEJYS</subfield>
    <subfield code="b">BCEJYS</subfield>
    <subfield code="c">17</subfield>
    <subfield code="d">1989-05-01</subfield>
    <subfield code="h">N&#xBA; 5 - mayo 1989</subfield>
    <subfield code="l">0</subfield>
    <subfield code="o">H349.2 SOC 5.1989</subfield>
    <subfield code="p">R07659</subfield>
    <subfield code="r">2026-04-10 16:07:37</subfield>
    <subfield code="w">2026-04-10</subfield>
    <subfield code="y">RN</subfield>
  </datafield>
  <datafield tag="952" ind1=" " ind2=" ">
    <subfield code="0">0</subfield>
    <subfield code="1">0</subfield>
    <subfield code="4">0</subfield>
    <subfield code="7">0</subfield>
    <subfield code="a">BCEJYS</subfield>
    <subfield code="b">BCEJYS</subfield>
    <subfield code="c">17</subfield>
    <subfield code="d">1989-04-01</subfield>
    <subfield code="h">N&#xBA; 4 - abr. 1989</subfield>
    <subfield code="l">0</subfield>
    <subfield code="o">H349.2 SOC 4.1989</subfield>
    <subfield code="p">R07658</subfield>
    <subfield code="r">2026-04-10 16:07:37</subfield>
    <subfield code="w">2026-04-10</subfield>
    <subfield code="y">RN</subfield>
  </datafield>
  <datafield tag="952" ind1=" " ind2=" ">
    <subfield code="0">0</subfield>
    <subfield code="1">0</subfield>
    <subfield code="4">0</subfield>
    <subfield code="7">0</subfield>
    <subfield code="a">BCEJYS</subfield>
    <subfield code="b">BCEJYS</subfield>
    <subfield code="c">17</subfield>
    <subfield code="d">1989-03-01</subfield>
    <subfield code="h">N&#xBA; 3 - mar. 1989</subfield>
    <subfield code="l">0</subfield>
    <subfield code="o">H349.2 SOC 3.1989</subfield>
    <subfield code="p">R07657</subfield>
    <subfield code="r">2026-04-10 16:07:37</subfield>
    <subfield code="w">2026-04-10</subfield>
    <subfield code="y">RN</subfield>
  </datafield>
  <datafield tag="952" ind1=" " ind2=" ">
    <subfield code="0">0</subfield>
    <subfield code="1">0</subfield>
    <subfield code="4">0</subfield>
    <subfield code="7">0</subfield>
    <subfield code="a">BCEJYS</subfield>
    <subfield code="b">BCEJYS</subfield>
    <subfield code="c">17</subfield>
    <subfield code="d">1989-02-01</subfield>
    <subfield code="h">N&#xBA; 2 - feb. 1989</subfield>
    <subfield code="l">0</subfield>
    <subfield code="o">H349.2 SOC 2.1989</subfield>
    <subfield code="p">R07656</subfield>
    <subfield code="r">2026-04-10 16:07:37</subfield>
    <subfield code="w">2026-04-10</subfield>
    <subfield code="y">RN</subfield>
  </datafield>
  <datafield tag="952" ind1=" " ind2=" ">
    <subfield code="0">0</subfield>
    <subfield code="1">0</subfield>
    <subfield code="4">0</subfield>
    <subfield code="7">0</subfield>
    <subfield code="a">BCEJYS</subfield>
    <subfield code="b">BCEJYS</subfield>
    <subfield code="c">17</subfield>
    <subfield code="d">1989-01-01</subfield>
    <subfield code="h">N&#xBA; 1 - ene. 1989</subfield>
    <subfield code="l">0</subfield>
    <subfield code="o">H349.2 SOC 1.1989</subfield>
    <subfield code="p">R07655</subfield>
    <subfield code="r">2026-04-10 16:07:37</subfield>
    <subfield code="w">2026-04-10</subfield>
    <subfield code="y">RN</subfield>
  </datafield>
  <datafield tag="952" ind1=" " ind2=" ">
    <subfield code="0">0</subfield>
    <subfield code="1">0</subfield>
    <subfield code="4">0</subfield>
    <subfield code="7">0</subfield>
    <subfield code="a">BCEJYS</subfield>
    <subfield code="b">BCEJYS</subfield>
    <subfield code="c">17</subfield>
    <subfield code="d">1986-12-01</subfield>
    <subfield code="h">N&#xBA; 12 - dic. 1986</subfield>
    <subfield code="l">0</subfield>
    <subfield code="o">H349.2 SOC 12.1986</subfield>
    <subfield code="p">R07654</subfield>
    <subfield code="r">2026-04-10 16:07:37</subfield>
    <subfield code="w">2026-04-10</subfield>
    <subfield code="y">RN</subfield>
  </datafield>
  <datafield tag="952" ind1=" " ind2=" ">
    <subfield code="0">0</subfield>
    <subfield code="1">0</subfield>
    <subfield code="4">0</subfield>
    <subfield code="7">0</subfield>
    <subfield code="a">BCEJYS</subfield>
    <subfield code="b">BCEJYS</subfield>
    <subfield code="c">17</subfield>
    <subfield code="d">1986-11-01</subfield>
    <subfield code="h">N&#xBA; 11 - nov. 1986</subfield>
    <subfield code="l">0</subfield>
    <subfield code="o">H349.2 SOC 11.1986</subfield>
    <subfield code="p">R07653</subfield>
    <subfield code="r">2026-04-10 16:07:37</subfield>
    <subfield code="w">2026-04-10</subfield>
    <subfield code="y">RN</subfield>
  </datafield>
  <datafield tag="952" ind1=" " ind2=" ">
    <subfield code="0">0</subfield>
    <subfield code="1">0</subfield>
    <subfield code="4">0</subfield>
    <subfield code="7">0</subfield>
    <subfield code="a">BCEJYS</subfield>
    <subfield code="b">BCEJYS</subfield>
    <subfield code="c">17</subfield>
    <subfield code="d">1986-10-01</subfield>
    <subfield code="h">N&#xBA; 10 - oct. 1986</subfield>
    <subfield code="l">0</subfield>
    <subfield code="o">H349.2 SOC 10.1986</subfield>
    <subfield code="p">R07652</subfield>
    <subfield code="r">2026-04-10 16:07:37</subfield>
    <subfield code="w">2026-04-10</subfield>
    <subfield code="y">RN</subfield>
  </datafield>
  <datafield tag="952" ind1=" " ind2=" ">
    <subfield code="0">0</subfield>
    <subfield code="1">0</subfield>
    <subfield code="4">0</subfield>
    <subfield code="7">0</subfield>
    <subfield code="a">BCEJYS</subfield>
    <subfield code="b">BCEJYS</subfield>
    <subfield code="c">17</subfield>
    <subfield code="d">1986-09-01</subfield>
    <subfield code="h">N&#xBA; 9 - sep. 1986</subfield>
    <subfield code="l">0</subfield>
    <subfield code="o">H349.2 SOC 9.1986</subfield>
    <subfield code="p">R07651</subfield>
    <subfield code="r">2026-04-10 16:07:37</subfield>
    <subfield code="w">2026-04-10</subfield>
    <subfield code="y">RN</subfield>
  </datafield>
  <datafield tag="952" ind1=" " ind2=" ">
    <subfield code="0">0</subfield>
    <subfield code="1">0</subfield>
    <subfield code="4">0</subfield>
    <subfield code="7">0</subfield>
    <subfield code="a">BCEJYS</subfield>
    <subfield code="b">BCEJYS</subfield>
    <subfield code="c">17</subfield>
    <subfield code="d">1986-08-01</subfield>
    <subfield code="h">N&#xBA; 8 - ago. 1986</subfield>
    <subfield code="l">0</subfield>
    <subfield code="o">H349.2 SOC 8.1986</subfield>
    <subfield code="p">R07650</subfield>
    <subfield code="r">2026-04-10 16:07:37</subfield>
    <subfield code="w">2026-04-10</subfield>
    <subfield code="y">RN</subfield>
  </datafield>
  <datafield tag="952" ind1=" " ind2=" ">
    <subfield code="0">0</subfield>
    <subfield code="1">0</subfield>
    <subfield code="4">0</subfield>
    <subfield code="7">0</subfield>
    <subfield code="a">BCEJYS</subfield>
    <subfield code="b">BCEJYS</subfield>
    <subfield code="c">17</subfield>
    <subfield code="d">1986-07-01</subfield>
    <subfield code="h">N&#xBA; 7 - jul. 1986</subfield>
    <subfield code="l">0</subfield>
    <subfield code="o">H349.2 SOC 7.1986</subfield>
    <subfield code="p">R07649</subfield>
    <subfield code="r">2026-04-10 16:07:37</subfield>
    <subfield code="w">2026-04-10</subfield>
    <subfield code="y">RN</subfield>
  </datafield>
  <datafield tag="952" ind1=" " ind2=" ">
    <subfield code="0">0</subfield>
    <subfield code="1">0</subfield>
    <subfield code="4">0</subfield>
    <subfield code="7">0</subfield>
    <subfield code="a">BCEJYS</subfield>
    <subfield code="b">BCEJYS</subfield>
    <subfield code="c">17</subfield>
    <subfield code="d">1986-06-01</subfield>
    <subfield code="h">N&#xBA; 6 - jun. 1986</subfield>
    <subfield code="l">0</subfield>
    <subfield code="o">H349.2 SOC 6.1986</subfield>
    <subfield code="p">R07648</subfield>
    <subfield code="r">2026-04-10 16:07:37</subfield>
    <subfield code="w">2026-04-10</subfield>
    <subfield code="y">RN</subfield>
  </datafield>
  <datafield tag="952" ind1=" " ind2=" ">
    <subfield code="0">0</subfield>
    <subfield code="1">0</subfield>
    <subfield code="4">0</subfield>
    <subfield code="7">0</subfield>
    <subfield code="a">BCEJYS</subfield>
    <subfield code="b">BCEJYS</subfield>
    <subfield code="c">17</subfield>
    <subfield code="d">1986-05-01</subfield>
    <subfield code="h">N&#xBA; 5 - mayo 1986</subfield>
    <subfield code="l">0</subfield>
    <subfield code="o">H349.2 SOC 5.1986</subfield>
    <subfield code="p">R07647</subfield>
    <subfield code="r">2026-04-10 16:07:37</subfield>
    <subfield code="w">2026-04-10</subfield>
    <subfield code="y">RN</subfield>
  </datafield>
  <datafield tag="952" ind1=" " ind2=" ">
    <subfield code="0">0</subfield>
    <subfield code="1">0</subfield>
    <subfield code="4">0</subfield>
    <subfield code="7">0</subfield>
    <subfield code="a">BCEJYS</subfield>
    <subfield code="b">BCEJYS</subfield>
    <subfield code="c">17</subfield>
    <subfield code="d">1986-04-01</subfield>
    <subfield code="h">N&#xBA; 4 - abr. 1986</subfield>
    <subfield code="l">0</subfield>
    <subfield code="o">H349.2 SOC 4.1986</subfield>
    <subfield code="p">R07646</subfield>
    <subfield code="r">2026-04-10 16:07:37</subfield>
    <subfield code="w">2026-04-10</subfield>
    <subfield code="y">RN</subfield>
  </datafield>
  <datafield tag="952" ind1=" " ind2=" ">
    <subfield code="0">0</subfield>
    <subfield code="1">0</subfield>
    <subfield code="4">0</subfield>
    <subfield code="7">0</subfield>
    <subfield code="a">BCEJYS</subfield>
    <subfield code="b">BCEJYS</subfield>
    <subfield code="c">17</subfield>
    <subfield code="d">1986-03-01</subfield>
    <subfield code="h">N&#xBA; 3 - mar. 1986</subfield>
    <subfield code="l">0</subfield>
    <subfield code="o">H349.2 SOC 3.1986</subfield>
    <subfield code="p">R07645</subfield>
    <subfield code="r">2026-04-10 16:07:37</subfield>
    <subfield code="w">2026-04-10</subfield>
    <subfield code="y">RN</subfield>
  </datafield>
  <datafield tag="952" ind1=" " ind2=" ">
    <subfield code="0">0</subfield>
    <subfield code="1">0</subfield>
    <subfield code="4">0</subfield>
    <subfield code="7">0</subfield>
    <subfield code="a">BCEJYS</subfield>
    <subfield code="b">BCEJYS</subfield>
    <subfield code="c">17</subfield>
    <subfield code="d">1986-02-01</subfield>
    <subfield code="h">N&#xBA; 2 - feb. 1986</subfield>
    <subfield code="l">0</subfield>
    <subfield code="o">H349.2 SOC 2.1986</subfield>
    <subfield code="p">R07644</subfield>
    <subfield code="r">2026-04-10 16:07:37</subfield>
    <subfield code="w">2026-04-10</subfield>
    <subfield code="y">RN</subfield>
  </datafield>
  <datafield tag="952" ind1=" " ind2=" ">
    <subfield code="0">0</subfield>
    <subfield code="1">0</subfield>
    <subfield code="4">0</subfield>
    <subfield code="7">0</subfield>
    <subfield code="a">BCEJYS</subfield>
    <subfield code="b">BCEJYS</subfield>
    <subfield code="c">17</subfield>
    <subfield code="d">1986-01-01</subfield>
    <subfield code="h">N&#xBA; 1 - ene. 1986</subfield>
    <subfield code="l">0</subfield>
    <subfield code="o">H349.2 SOC 1.1986</subfield>
    <subfield code="p">R07643</subfield>
    <subfield code="r">2026-04-10 16:07:37</subfield>
    <subfield code="w">2026-04-10</subfield>
    <subfield code="y">RN</subfield>
  </datafield>
  <datafield tag="952" ind1=" " ind2=" ">
    <subfield code="0">0</subfield>
    <subfield code="1">0</subfield>
    <subfield code="4">0</subfield>
    <subfield code="7">0</subfield>
    <subfield code="a">BCEJYS</subfield>
    <subfield code="b">BCEJYS</subfield>
    <subfield code="c">17</subfield>
    <subfield code="d">1985-12-01</subfield>
    <subfield code="h">N&#xBA; 12 - dic. 1985</subfield>
    <subfield code="l">0</subfield>
    <subfield code="o">H349.2 SOC 12.1985</subfield>
    <subfield code="p">R07642</subfield>
    <subfield code="r">2026-04-10 16:07:37</subfield>
    <subfield code="w">2026-04-10</subfield>
    <subfield code="y">RN</subfield>
  </datafield>
  <datafield tag="952" ind1=" " ind2=" ">
    <subfield code="0">0</subfield>
    <subfield code="1">0</subfield>
    <subfield code="4">0</subfield>
    <subfield code="7">0</subfield>
    <subfield code="a">BCEJYS</subfield>
    <subfield code="b">BCEJYS</subfield>
    <subfield code="c">17</subfield>
    <subfield code="d">1985-11-01</subfield>
    <subfield code="h">N&#xBA; 11 - nov. 1985</subfield>
    <subfield code="l">0</subfield>
    <subfield code="o">H349.2 SOC 11.1985</subfield>
    <subfield code="p">R07641</subfield>
    <subfield code="r">2026-04-10 16:07:37</subfield>
    <subfield code="w">2026-04-10</subfield>
    <subfield code="y">RN</subfield>
  </datafield>
  <datafield tag="952" ind1=" " ind2=" ">
    <subfield code="0">0</subfield>
    <subfield code="1">0</subfield>
    <subfield code="4">0</subfield>
    <subfield code="7">0</subfield>
    <subfield code="a">BCEJYS</subfield>
    <subfield code="b">BCEJYS</subfield>
    <subfield code="c">17</subfield>
    <subfield code="d">1985-10-01</subfield>
    <subfield code="h">N&#xBA; 10 - oct. 1985</subfield>
    <subfield code="l">0</subfield>
    <subfield code="o">H349.2 SOC 10.1985</subfield>
    <subfield code="p">R07640</subfield>
    <subfield code="r">2026-04-10 16:07:37</subfield>
    <subfield code="w">2026-04-10</subfield>
    <subfield code="y">RN</subfield>
  </datafield>
  <datafield tag="952" ind1=" " ind2=" ">
    <subfield code="0">0</subfield>
    <subfield code="1">0</subfield>
    <subfield code="4">0</subfield>
    <subfield code="7">0</subfield>
    <subfield code="a">BCEJYS</subfield>
    <subfield code="b">BCEJYS</subfield>
    <subfield code="c">17</subfield>
    <subfield code="d">1985-09-01</subfield>
    <subfield code="h">N&#xBA; 9 - sep. 1985</subfield>
    <subfield code="l">0</subfield>
    <subfield code="o">H349.2 SOC 9.1985</subfield>
    <subfield code="p">R07639</subfield>
    <subfield code="r">2026-04-10 16:07:37</subfield>
    <subfield code="w">2026-04-10</subfield>
    <subfield code="y">RN</subfield>
  </datafield>
  <datafield tag="952" ind1=" " ind2=" ">
    <subfield code="0">0</subfield>
    <subfield code="1">0</subfield>
    <subfield code="4">0</subfield>
    <subfield code="7">0</subfield>
    <subfield code="a">BCEJYS</subfield>
    <subfield code="b">BCEJYS</subfield>
    <subfield code="c">17</subfield>
    <subfield code="d">1985-08-01</subfield>
    <subfield code="h">N&#xBA; 8 - ago .1985</subfield>
    <subfield code="l">0</subfield>
    <subfield code="o">H349.2 SOC 8.1985</subfield>
    <subfield code="p">R07638</subfield>
    <subfield code="r">2026-04-10 16:07:37</subfield>
    <subfield code="w">2026-04-10</subfield>
    <subfield code="y">RN</subfield>
  </datafield>
  <datafield tag="952" ind1=" " ind2=" ">
    <subfield code="0">0</subfield>
    <subfield code="1">0</subfield>
    <subfield code="4">0</subfield>
    <subfield code="7">0</subfield>
    <subfield code="a">BCEJYS</subfield>
    <subfield code="b">BCEJYS</subfield>
    <subfield code="c">17</subfield>
    <subfield code="d">1985-07-01</subfield>
    <subfield code="h">N&#xBA; 7 - jul. 1985</subfield>
    <subfield code="l">0</subfield>
    <subfield code="o">H349.2 SOC 7.1985</subfield>
    <subfield code="p">R07637</subfield>
    <subfield code="r">2026-04-10 16:07:37</subfield>
    <subfield code="w">2026-04-10</subfield>
    <subfield code="y">RN</subfield>
  </datafield>
  <datafield tag="952" ind1=" " ind2=" ">
    <subfield code="0">0</subfield>
    <subfield code="1">0</subfield>
    <subfield code="4">0</subfield>
    <subfield code="7">0</subfield>
    <subfield code="a">BCEJYS</subfield>
    <subfield code="b">BCEJYS</subfield>
    <subfield code="c">17</subfield>
    <subfield code="d">1985-06-01</subfield>
    <subfield code="h">N&#xBA; 6 - jun. 1985</subfield>
    <subfield code="l">0</subfield>
    <subfield code="o">H349.2 SOC 6.1985</subfield>
    <subfield code="p">R07636</subfield>
    <subfield code="r">2026-04-10 16:07:37</subfield>
    <subfield code="w">2026-04-10</subfield>
    <subfield code="y">RN</subfield>
  </datafield>
  <datafield tag="952" ind1=" " ind2=" ">
    <subfield code="0">0</subfield>
    <subfield code="1">0</subfield>
    <subfield code="4">0</subfield>
    <subfield code="7">0</subfield>
    <subfield code="a">BCEJYS</subfield>
    <subfield code="b">BCEJYS</subfield>
    <subfield code="c">17</subfield>
    <subfield code="d">1985-05-01</subfield>
    <subfield code="h">N&#xBA; 5 - mayo 1985</subfield>
    <subfield code="l">0</subfield>
    <subfield code="o">H349.2 SOC 5.1985</subfield>
    <subfield code="p">R07635</subfield>
    <subfield code="r">2026-04-10 16:07:37</subfield>
    <subfield code="w">2026-04-10</subfield>
    <subfield code="y">RN</subfield>
  </datafield>
  <datafield tag="952" ind1=" " ind2=" ">
    <subfield code="0">0</subfield>
    <subfield code="1">0</subfield>
    <subfield code="4">0</subfield>
    <subfield code="7">0</subfield>
    <subfield code="a">BCEJYS</subfield>
    <subfield code="b">BCEJYS</subfield>
    <subfield code="c">17</subfield>
    <subfield code="d">1985-04-01</subfield>
    <subfield code="h">N&#xBA; 4 - abr. 1985</subfield>
    <subfield code="l">0</subfield>
    <subfield code="o">H349.2 SOC 4.1985</subfield>
    <subfield code="p">R07634</subfield>
    <subfield code="r">2026-04-10 16:07:37</subfield>
    <subfield code="w">2026-04-10</subfield>
    <subfield code="y">RN</subfield>
  </datafield>
  <datafield tag="952" ind1=" " ind2=" ">
    <subfield code="0">0</subfield>
    <subfield code="1">0</subfield>
    <subfield code="4">0</subfield>
    <subfield code="7">0</subfield>
    <subfield code="a">BCEJYS</subfield>
    <subfield code="b">BCEJYS</subfield>
    <subfield code="c">17</subfield>
    <subfield code="d">1985-03-01</subfield>
    <subfield code="h">N&#xBA; 3 - mar. 1985</subfield>
    <subfield code="l">0</subfield>
    <subfield code="o">H349.2 SOC 3.1985</subfield>
    <subfield code="p">R07633</subfield>
    <subfield code="r">2026-04-10 16:07:37</subfield>
    <subfield code="w">2026-04-10</subfield>
    <subfield code="y">RN</subfield>
  </datafield>
  <datafield tag="952" ind1=" " ind2=" ">
    <subfield code="0">0</subfield>
    <subfield code="1">0</subfield>
    <subfield code="4">0</subfield>
    <subfield code="7">0</subfield>
    <subfield code="a">BCEJYS</subfield>
    <subfield code="b">BCEJYS</subfield>
    <subfield code="c">17</subfield>
    <subfield code="d">1985-02-02</subfield>
    <subfield code="h">N&#xBA; 2 - feb. 1985</subfield>
    <subfield code="l">0</subfield>
    <subfield code="o">H349.2 SOC 2.1985</subfield>
    <subfield code="p">R07632</subfield>
    <subfield code="r">2026-04-10 16:07:37</subfield>
    <subfield code="w">2026-04-10</subfield>
    <subfield code="y">RN</subfield>
  </datafield>
  <datafield tag="952" ind1=" " ind2=" ">
    <subfield code="0">0</subfield>
    <subfield code="1">0</subfield>
    <subfield code="4">0</subfield>
    <subfield code="7">0</subfield>
    <subfield code="a">BCEJYS</subfield>
    <subfield code="b">BCEJYS</subfield>
    <subfield code="c">17</subfield>
    <subfield code="d">1985-01-01</subfield>
    <subfield code="h">N&#xBA; 1 - ene. 1985</subfield>
    <subfield code="l">0</subfield>
    <subfield code="o">H349.2 SOC 1.1985</subfield>
    <subfield code="p">R07631</subfield>
    <subfield code="r">2026-04-10 16:07:37</subfield>
    <subfield code="w">2026-04-10</subfield>
    <subfield code="y">RN</subfield>
  </datafield>
  <datafield tag="952" ind1=" " ind2=" ">
    <subfield code="0">0</subfield>
    <subfield code="1">0</subfield>
    <subfield code="4">0</subfield>
    <subfield code="7">0</subfield>
    <subfield code="a">BCEJYS</subfield>
    <subfield code="b">BCEJYS</subfield>
    <subfield code="c">17</subfield>
    <subfield code="d">1984-12-01</subfield>
    <subfield code="h">N&#xBA; 12 - dic. 1984</subfield>
    <subfield code="l">0</subfield>
    <subfield code="o">H349.2 SOC 12.1984</subfield>
    <subfield code="p">R07630</subfield>
    <subfield code="r">2026-04-10 16:07:37</subfield>
    <subfield code="w">2026-04-10</subfield>
    <subfield code="y">RN</subfield>
  </datafield>
  <datafield tag="952" ind1=" " ind2=" ">
    <subfield code="0">0</subfield>
    <subfield code="1">0</subfield>
    <subfield code="4">0</subfield>
    <subfield code="7">0</subfield>
    <subfield code="a">BCEJYS</subfield>
    <subfield code="b">BCEJYS</subfield>
    <subfield code="c">17</subfield>
    <subfield code="d">1984-11-01</subfield>
    <subfield code="h">N&#xBA; 11 - nov. 1984</subfield>
    <subfield code="l">0</subfield>
    <subfield code="o">H349.2 SOC 11.1984</subfield>
    <subfield code="p">R07629</subfield>
    <subfield code="r">2026-04-10 16:07:37</subfield>
    <subfield code="w">2026-04-10</subfield>
    <subfield code="y">RN</subfield>
  </datafield>
  <datafield tag="952" ind1=" " ind2=" ">
    <subfield code="0">0</subfield>
    <subfield code="1">0</subfield>
    <subfield code="4">0</subfield>
    <subfield code="7">0</subfield>
    <subfield code="a">BCEJYS</subfield>
    <subfield code="b">BCEJYS</subfield>
    <subfield code="c">17</subfield>
    <subfield code="d">1984-10-01</subfield>
    <subfield code="h">N&#xBA; 10 - oct. 1984</subfield>
    <subfield code="l">0</subfield>
    <subfield code="o">H349.2 SOC 10.1984</subfield>
    <subfield code="p">R07628</subfield>
    <subfield code="r">2026-04-10 16:07:37</subfield>
    <subfield code="w">2026-04-10</subfield>
    <subfield code="y">RN</subfield>
  </datafield>
  <datafield tag="952" ind1=" " ind2=" ">
    <subfield code="0">0</subfield>
    <subfield code="1">0</subfield>
    <subfield code="4">0</subfield>
    <subfield code="7">0</subfield>
    <subfield code="a">BCEJYS</subfield>
    <subfield code="b">BCEJYS</subfield>
    <subfield code="c">17</subfield>
    <subfield code="d">1984-09-01</subfield>
    <subfield code="h">N&#xBA; 9 - sep. 1984</subfield>
    <subfield code="l">0</subfield>
    <subfield code="o">H349.2 SOC 9.1984</subfield>
    <subfield code="p">R07627</subfield>
    <subfield code="r">2026-04-10 16:07:37</subfield>
    <subfield code="w">2026-04-10</subfield>
    <subfield code="y">RN</subfield>
  </datafield>
  <datafield tag="952" ind1=" " ind2=" ">
    <subfield code="0">0</subfield>
    <subfield code="1">0</subfield>
    <subfield code="4">0</subfield>
    <subfield code="7">0</subfield>
    <subfield code="a">BCEJYS</subfield>
    <subfield code="b">BCEJYS</subfield>
    <subfield code="c">17</subfield>
    <subfield code="d">1984-08-01</subfield>
    <subfield code="h">N&#xBA; 8 - ago. 1984</subfield>
    <subfield code="l">0</subfield>
    <subfield code="o">H349.2 SOC 8.1984</subfield>
    <subfield code="p">R07626</subfield>
    <subfield code="r">2026-04-10 16:07:37</subfield>
    <subfield code="w">2026-04-10</subfield>
    <subfield code="y">RN</subfield>
  </datafield>
  <datafield tag="952" ind1=" " ind2=" ">
    <subfield code="0">0</subfield>
    <subfield code="1">0</subfield>
    <subfield code="4">0</subfield>
    <subfield code="7">0</subfield>
    <subfield code="a">BCEJYS</subfield>
    <subfield code="b">BCEJYS</subfield>
    <subfield code="c">17</subfield>
    <subfield code="d">1984-07-01</subfield>
    <subfield code="h">N&#xBA; 7 - jul. 1984</subfield>
    <subfield code="l">0</subfield>
    <subfield code="o">H349.2 SOC 7.1984</subfield>
    <subfield code="p">R07625</subfield>
    <subfield code="r">2026-04-10 16:07:37</subfield>
    <subfield code="w">2026-04-10</subfield>
    <subfield code="y">RN</subfield>
  </datafield>
  <datafield tag="952" ind1=" " ind2=" ">
    <subfield code="0">0</subfield>
    <subfield code="1">0</subfield>
    <subfield code="4">0</subfield>
    <subfield code="7">0</subfield>
    <subfield code="a">BCEJYS</subfield>
    <subfield code="b">BCEJYS</subfield>
    <subfield code="c">17</subfield>
    <subfield code="d">1984-06-01</subfield>
    <subfield code="h">N&#xBA; 6 - jun. 1984</subfield>
    <subfield code="l">0</subfield>
    <subfield code="o">H349.2 SOC 6.1984</subfield>
    <subfield code="p">R07624</subfield>
    <subfield code="r">2026-04-10 16:07:37</subfield>
    <subfield code="w">2026-04-10</subfield>
    <subfield code="y">RN</subfield>
  </datafield>
  <datafield tag="952" ind1=" " ind2=" ">
    <subfield code="0">0</subfield>
    <subfield code="1">0</subfield>
    <subfield code="4">0</subfield>
    <subfield code="7">0</subfield>
    <subfield code="a">BCEJYS</subfield>
    <subfield code="b">BCEJYS</subfield>
    <subfield code="c">17</subfield>
    <subfield code="d">1984-05-01</subfield>
    <subfield code="h">N&#xBA; 5 - mayo 1984</subfield>
    <subfield code="l">0</subfield>
    <subfield code="o">H349.2 SOC 5.1984</subfield>
    <subfield code="p">R07623</subfield>
    <subfield code="r">2026-04-10 16:07:37</subfield>
    <subfield code="w">2026-04-10</subfield>
    <subfield code="y">RN</subfield>
  </datafield>
  <datafield tag="952" ind1=" " ind2=" ">
    <subfield code="0">0</subfield>
    <subfield code="1">0</subfield>
    <subfield code="4">0</subfield>
    <subfield code="7">0</subfield>
    <subfield code="a">BCEJYS</subfield>
    <subfield code="b">BCEJYS</subfield>
    <subfield code="c">17</subfield>
    <subfield code="d">1984-04-01</subfield>
    <subfield code="h">N&#xBA; 4 - abr. 1984</subfield>
    <subfield code="l">0</subfield>
    <subfield code="o">H349.2 SOC 4.1984</subfield>
    <subfield code="p">R07622</subfield>
    <subfield code="r">2026-04-10 16:07:37</subfield>
    <subfield code="w">2026-04-10</subfield>
    <subfield code="y">RN</subfield>
  </datafield>
  <datafield tag="952" ind1=" " ind2=" ">
    <subfield code="0">0</subfield>
    <subfield code="1">0</subfield>
    <subfield code="4">0</subfield>
    <subfield code="7">0</subfield>
    <subfield code="a">BCEJYS</subfield>
    <subfield code="b">BCEJYS</subfield>
    <subfield code="c">17</subfield>
    <subfield code="d">1984-03-01</subfield>
    <subfield code="h">N&#xBA; 3 - mar. 1984</subfield>
    <subfield code="l">0</subfield>
    <subfield code="o">H349.2 SOC 3.1984</subfield>
    <subfield code="p">R07621</subfield>
    <subfield code="r">2026-04-10 16:07:37</subfield>
    <subfield code="w">2026-04-10</subfield>
    <subfield code="y">RN</subfield>
  </datafield>
  <datafield tag="952" ind1=" " ind2=" ">
    <subfield code="0">0</subfield>
    <subfield code="1">0</subfield>
    <subfield code="4">0</subfield>
    <subfield code="7">0</subfield>
    <subfield code="a">BCEJYS</subfield>
    <subfield code="b">BCEJYS</subfield>
    <subfield code="c">17</subfield>
    <subfield code="d">1984-02-01</subfield>
    <subfield code="h">N&#xBA; 2 - feb. 1984</subfield>
    <subfield code="l">0</subfield>
    <subfield code="o">H349.2 SOC 2.1984</subfield>
    <subfield code="p">R07620</subfield>
    <subfield code="r">2026-04-10 16:07:37</subfield>
    <subfield code="w">2026-04-10</subfield>
    <subfield code="y">RN</subfield>
  </datafield>
  <datafield tag="952" ind1=" " ind2=" ">
    <subfield code="0">0</subfield>
    <subfield code="1">0</subfield>
    <subfield code="4">0</subfield>
    <subfield code="7">0</subfield>
    <subfield code="a">BCEJYS</subfield>
    <subfield code="b">BCEJYS</subfield>
    <subfield code="c">17</subfield>
    <subfield code="d">1984-01-01</subfield>
    <subfield code="h">N&#xBA; 1 - ene. 1984</subfield>
    <subfield code="l">0</subfield>
    <subfield code="o">H349.2 SOC 1.1984</subfield>
    <subfield code="p">R07619</subfield>
    <subfield code="r">2026-04-10 16:07:37</subfield>
    <subfield code="w">2026-04-10</subfield>
    <subfield code="y">RN</subfield>
  </datafield>
  <datafield tag="952" ind1=" " ind2=" ">
    <subfield code="0">0</subfield>
    <subfield code="1">0</subfield>
    <subfield code="4">0</subfield>
    <subfield code="7">0</subfield>
    <subfield code="a">BCEJYS</subfield>
    <subfield code="b">BCEJYS</subfield>
    <subfield code="c">17</subfield>
    <subfield code="d">1983-12-01</subfield>
    <subfield code="h">N&#xBA; 12 - dic. 1983</subfield>
    <subfield code="l">0</subfield>
    <subfield code="o">H349.2 SOC 12.1983</subfield>
    <subfield code="p">R07618</subfield>
    <subfield code="r">2026-04-10 16:07:37</subfield>
    <subfield code="w">2026-04-10</subfield>
    <subfield code="y">RN</subfield>
  </datafield>
  <datafield tag="952" ind1=" " ind2=" ">
    <subfield code="0">0</subfield>
    <subfield code="1">0</subfield>
    <subfield code="4">0</subfield>
    <subfield code="7">0</subfield>
    <subfield code="a">BCEJYS</subfield>
    <subfield code="b">BCEJYS</subfield>
    <subfield code="c">17</subfield>
    <subfield code="d">1983-11-01</subfield>
    <subfield code="h">N&#xBA; 11 - nov. 1983</subfield>
    <subfield code="l">0</subfield>
    <subfield code="o">H349.2 SOC 11.1983</subfield>
    <subfield code="p">R07617</subfield>
    <subfield code="r">2026-04-10 16:07:37</subfield>
    <subfield code="w">2026-04-10</subfield>
    <subfield code="y">RN</subfield>
  </datafield>
  <datafield tag="952" ind1=" " ind2=" ">
    <subfield code="0">0</subfield>
    <subfield code="1">0</subfield>
    <subfield code="4">0</subfield>
    <subfield code="7">0</subfield>
    <subfield code="a">BCEJYS</subfield>
    <subfield code="b">BCEJYS</subfield>
    <subfield code="c">17</subfield>
    <subfield code="d">1983-10-01</subfield>
    <subfield code="h">N&#xBA; 10 - oct. 1983</subfield>
    <subfield code="l">0</subfield>
    <subfield code="o">H349.2 SOC 10.1983</subfield>
    <subfield code="p">R07616</subfield>
    <subfield code="r">2026-04-10 16:07:37</subfield>
    <subfield code="w">2026-04-10</subfield>
    <subfield code="y">RN</subfield>
  </datafield>
  <datafield tag="952" ind1=" " ind2=" ">
    <subfield code="0">0</subfield>
    <subfield code="1">0</subfield>
    <subfield code="4">0</subfield>
    <subfield code="7">0</subfield>
    <subfield code="a">BCEJYS</subfield>
    <subfield code="b">BCEJYS</subfield>
    <subfield code="c">17</subfield>
    <subfield code="d">1983-09-01</subfield>
    <subfield code="h">N&#xBA; 9 - sep. 1983</subfield>
    <subfield code="l">0</subfield>
    <subfield code="o">H349.2 SOC 9.1983</subfield>
    <subfield code="p">R07615</subfield>
    <subfield code="r">2026-04-10 16:07:37</subfield>
    <subfield code="w">2026-04-10</subfield>
    <subfield code="y">RN</subfield>
  </datafield>
  <datafield tag="952" ind1=" " ind2=" ">
    <subfield code="0">0</subfield>
    <subfield code="1">0</subfield>
    <subfield code="4">0</subfield>
    <subfield code="7">0</subfield>
    <subfield code="a">BCEJYS</subfield>
    <subfield code="b">BCEJYS</subfield>
    <subfield code="c">17</subfield>
    <subfield code="d">1983-08-01</subfield>
    <subfield code="h">N&#xBA; 8 - ago. 1983</subfield>
    <subfield code="l">0</subfield>
    <subfield code="o">H349.2 SOC 8.1983</subfield>
    <subfield code="p">R07614</subfield>
    <subfield code="r">2026-04-10 16:07:37</subfield>
    <subfield code="w">2026-04-10</subfield>
    <subfield code="y">RN</subfield>
  </datafield>
  <datafield tag="952" ind1=" " ind2=" ">
    <subfield code="0">0</subfield>
    <subfield code="1">0</subfield>
    <subfield code="4">0</subfield>
    <subfield code="7">0</subfield>
    <subfield code="a">BCEJYS</subfield>
    <subfield code="b">BCEJYS</subfield>
    <subfield code="c">17</subfield>
    <subfield code="d">1983-07-01</subfield>
    <subfield code="h">N&#xBA; 7 - jul. 1983</subfield>
    <subfield code="l">0</subfield>
    <subfield code="o">H349.2 SOC 7.1983</subfield>
    <subfield code="p">R07613</subfield>
    <subfield code="r">2026-04-10 16:07:37</subfield>
    <subfield code="w">2026-04-10</subfield>
    <subfield code="y">RN</subfield>
  </datafield>
  <datafield tag="952" ind1=" " ind2=" ">
    <subfield code="0">0</subfield>
    <subfield code="1">0</subfield>
    <subfield code="4">0</subfield>
    <subfield code="7">0</subfield>
    <subfield code="a">BCEJYS</subfield>
    <subfield code="b">BCEJYS</subfield>
    <subfield code="c">17</subfield>
    <subfield code="d">1983-06-01</subfield>
    <subfield code="h">N&#xBA; 6 - jun. 1983</subfield>
    <subfield code="l">0</subfield>
    <subfield code="o">H349.2 SOC 6.1983</subfield>
    <subfield code="p">R07612</subfield>
    <subfield code="r">2026-04-10 16:07:37</subfield>
    <subfield code="w">2026-04-10</subfield>
    <subfield code="y">RN</subfield>
  </datafield>
  <datafield tag="952" ind1=" " ind2=" ">
    <subfield code="0">0</subfield>
    <subfield code="1">0</subfield>
    <subfield code="4">0</subfield>
    <subfield code="7">0</subfield>
    <subfield code="a">BCEJYS</subfield>
    <subfield code="b">BCEJYS</subfield>
    <subfield code="c">17</subfield>
    <subfield code="d">1983-05-01</subfield>
    <subfield code="h">N&#xBA; 5 - mayo 1983</subfield>
    <subfield code="l">0</subfield>
    <subfield code="o">H349.2 SOC 5.1983</subfield>
    <subfield code="p">R07611</subfield>
    <subfield code="r">2026-04-10 16:07:37</subfield>
    <subfield code="w">2026-04-10</subfield>
    <subfield code="y">RN</subfield>
  </datafield>
  <datafield tag="952" ind1=" " ind2=" ">
    <subfield code="0">0</subfield>
    <subfield code="1">0</subfield>
    <subfield code="4">0</subfield>
    <subfield code="7">0</subfield>
    <subfield code="a">BCEJYS</subfield>
    <subfield code="b">BCEJYS</subfield>
    <subfield code="c">17</subfield>
    <subfield code="d">1983-04-01</subfield>
    <subfield code="h">N&#xBA; 4 - abr. 1983</subfield>
    <subfield code="l">0</subfield>
    <subfield code="o">H349.2 SOC 4.1983</subfield>
    <subfield code="p">R07610</subfield>
    <subfield code="r">2026-04-10 16:07:37</subfield>
    <subfield code="w">2026-04-10</subfield>
    <subfield code="y">RN</subfield>
  </datafield>
  <datafield tag="952" ind1=" " ind2=" ">
    <subfield code="0">0</subfield>
    <subfield code="1">0</subfield>
    <subfield code="4">0</subfield>
    <subfield code="7">0</subfield>
    <subfield code="a">BCEJYS</subfield>
    <subfield code="b">BCEJYS</subfield>
    <subfield code="c">17</subfield>
    <subfield code="d">1983-03-01</subfield>
    <subfield code="h">N&#xBA; 3 - mar. 1983</subfield>
    <subfield code="l">0</subfield>
    <subfield code="o">H349.2 SOC 3.1983</subfield>
    <subfield code="p">R07609</subfield>
    <subfield code="r">2026-04-10 16:07:37</subfield>
    <subfield code="w">2026-04-10</subfield>
    <subfield code="y">RN</subfield>
  </datafield>
  <datafield tag="952" ind1=" " ind2=" ">
    <subfield code="0">0</subfield>
    <subfield code="1">0</subfield>
    <subfield code="4">0</subfield>
    <subfield code="7">0</subfield>
    <subfield code="a">BCEJYS</subfield>
    <subfield code="b">BCEJYS</subfield>
    <subfield code="c">17</subfield>
    <subfield code="d">1983-02-01</subfield>
    <subfield code="h">N&#xBA; 2 - feb. 1983</subfield>
    <subfield code="l">0</subfield>
    <subfield code="o">H349.2 SOC 2.1983</subfield>
    <subfield code="p">R07608</subfield>
    <subfield code="r">2026-04-10 16:07:37</subfield>
    <subfield code="w">2026-04-10</subfield>
    <subfield code="y">RN</subfield>
  </datafield>
  <datafield tag="952" ind1=" " ind2=" ">
    <subfield code="0">0</subfield>
    <subfield code="1">0</subfield>
    <subfield code="4">0</subfield>
    <subfield code="7">0</subfield>
    <subfield code="a">BCEJYS</subfield>
    <subfield code="b">BCEJYS</subfield>
    <subfield code="c">17</subfield>
    <subfield code="d">1983-01-01</subfield>
    <subfield code="h">N&#xBA; 1 - ene. 1983</subfield>
    <subfield code="l">0</subfield>
    <subfield code="o">H349.2 SOC 1.1983</subfield>
    <subfield code="p">R07607</subfield>
    <subfield code="r">2026-04-10 16:07:37</subfield>
    <subfield code="w">2026-04-10</subfield>
    <subfield code="y">RN</subfield>
  </datafield>
  <datafield tag="952" ind1=" " ind2=" ">
    <subfield code="0">0</subfield>
    <subfield code="1">0</subfield>
    <subfield code="4">0</subfield>
    <subfield code="7">0</subfield>
    <subfield code="a">BCEJYS</subfield>
    <subfield code="b">BCEJYS</subfield>
    <subfield code="c">17</subfield>
    <subfield code="d">1982-12-01</subfield>
    <subfield code="h">N&#xBA; 12 - dic. 1982</subfield>
    <subfield code="l">0</subfield>
    <subfield code="o">H349.2 SOC 12.1982</subfield>
    <subfield code="p">R07606</subfield>
    <subfield code="r">2026-04-10 16:07:37</subfield>
    <subfield code="w">2026-04-10</subfield>
    <subfield code="y">RN</subfield>
  </datafield>
  <datafield tag="952" ind1=" " ind2=" ">
    <subfield code="0">0</subfield>
    <subfield code="1">0</subfield>
    <subfield code="4">0</subfield>
    <subfield code="7">0</subfield>
    <subfield code="a">BCEJYS</subfield>
    <subfield code="b">BCEJYS</subfield>
    <subfield code="c">17</subfield>
    <subfield code="d">1982-11-01</subfield>
    <subfield code="h">N&#xBA; 11 - nov. 1982</subfield>
    <subfield code="l">0</subfield>
    <subfield code="o">H349.2 SOC 11.1982</subfield>
    <subfield code="p">R07605</subfield>
    <subfield code="r">2026-04-10 16:07:37</subfield>
    <subfield code="w">2026-04-10</subfield>
    <subfield code="y">RN</subfield>
  </datafield>
  <datafield tag="952" ind1=" " ind2=" ">
    <subfield code="0">0</subfield>
    <subfield code="1">0</subfield>
    <subfield code="4">0</subfield>
    <subfield code="7">0</subfield>
    <subfield code="a">BCEJYS</subfield>
    <subfield code="b">BCEJYS</subfield>
    <subfield code="c">17</subfield>
    <subfield code="d">1982-10-01</subfield>
    <subfield code="h">N&#xBA; 10 - oct. 1982</subfield>
    <subfield code="l">0</subfield>
    <subfield code="o">H349.2 SOC 10.1982</subfield>
    <subfield code="p">R07604</subfield>
    <subfield code="r">2026-04-10 16:07:37</subfield>
    <subfield code="w">2026-04-10</subfield>
    <subfield code="y">RN</subfield>
  </datafield>
  <datafield tag="952" ind1=" " ind2=" ">
    <subfield code="0">0</subfield>
    <subfield code="1">0</subfield>
    <subfield code="4">0</subfield>
    <subfield code="7">0</subfield>
    <subfield code="a">BCEJYS</subfield>
    <subfield code="b">BCEJYS</subfield>
    <subfield code="c">17</subfield>
    <subfield code="d">1982-09-01</subfield>
    <subfield code="h">N&#xBA; 9 - sep. 1982</subfield>
    <subfield code="l">0</subfield>
    <subfield code="o">H349.2 SOC 9.1982</subfield>
    <subfield code="p">R07603</subfield>
    <subfield code="r">2026-04-10 16:07:37</subfield>
    <subfield code="w">2026-04-10</subfield>
    <subfield code="y">RN</subfield>
  </datafield>
  <datafield tag="952" ind1=" " ind2=" ">
    <subfield code="0">0</subfield>
    <subfield code="1">0</subfield>
    <subfield code="4">0</subfield>
    <subfield code="7">0</subfield>
    <subfield code="a">BCEJYS</subfield>
    <subfield code="b">BCEJYS</subfield>
    <subfield code="c">17</subfield>
    <subfield code="d">1982-08-01</subfield>
    <subfield code="h">N&#xBA; 8 - ago. 1982</subfield>
    <subfield code="l">0</subfield>
    <subfield code="o">H349.2 SOC 8.1982</subfield>
    <subfield code="p">R07602</subfield>
    <subfield code="r">2026-04-10 16:07:37</subfield>
    <subfield code="w">2026-04-10</subfield>
    <subfield code="y">RN</subfield>
  </datafield>
  <datafield tag="952" ind1=" " ind2=" ">
    <subfield code="0">0</subfield>
    <subfield code="1">0</subfield>
    <subfield code="4">0</subfield>
    <subfield code="7">0</subfield>
    <subfield code="a">BCEJYS</subfield>
    <subfield code="b">BCEJYS</subfield>
    <subfield code="c">17</subfield>
    <subfield code="d">1982-07-01</subfield>
    <subfield code="h">N&#xBA; 7 - jul. 1982</subfield>
    <subfield code="l">0</subfield>
    <subfield code="o">H349.2 SOC 7.1982</subfield>
    <subfield code="p">R07601</subfield>
    <subfield code="r">2026-04-10 16:07:37</subfield>
    <subfield code="w">2026-04-10</subfield>
    <subfield code="y">RN</subfield>
  </datafield>
  <datafield tag="952" ind1=" " ind2=" ">
    <subfield code="0">0</subfield>
    <subfield code="1">0</subfield>
    <subfield code="4">0</subfield>
    <subfield code="7">0</subfield>
    <subfield code="a">BCEJYS</subfield>
    <subfield code="b">BCEJYS</subfield>
    <subfield code="c">17</subfield>
    <subfield code="d">1982-06-01</subfield>
    <subfield code="h">N&#xBA; 6 - jun. 1982</subfield>
    <subfield code="l">0</subfield>
    <subfield code="o">H349.2 SOC 6.1982</subfield>
    <subfield code="p">R07600</subfield>
    <subfield code="r">2026-04-10 16:07:37</subfield>
    <subfield code="w">2026-04-10</subfield>
    <subfield code="y">RN</subfield>
  </datafield>
  <datafield tag="952" ind1=" " ind2=" ">
    <subfield code="0">0</subfield>
    <subfield code="1">0</subfield>
    <subfield code="4">0</subfield>
    <subfield code="7">0</subfield>
    <subfield code="a">BCEJYS</subfield>
    <subfield code="b">BCEJYS</subfield>
    <subfield code="c">17</subfield>
    <subfield code="d">1982-05-01</subfield>
    <subfield code="h">N&#xBA; 5 - mayo 1982</subfield>
    <subfield code="l">0</subfield>
    <subfield code="o">H349.2 SOC 5.1982</subfield>
    <subfield code="p">R07599</subfield>
    <subfield code="r">2026-04-10 16:07:37</subfield>
    <subfield code="w">2026-04-10</subfield>
    <subfield code="y">RN</subfield>
  </datafield>
  <datafield tag="952" ind1=" " ind2=" ">
    <subfield code="0">0</subfield>
    <subfield code="1">0</subfield>
    <subfield code="4">0</subfield>
    <subfield code="7">0</subfield>
    <subfield code="a">BCEJYS</subfield>
    <subfield code="b">BCEJYS</subfield>
    <subfield code="c">17</subfield>
    <subfield code="d">1982-04-01</subfield>
    <subfield code="h">N&#xBA; 4 - abr. 1982</subfield>
    <subfield code="l">0</subfield>
    <subfield code="o">H349.2 SOC 4.1982</subfield>
    <subfield code="p">R07598</subfield>
    <subfield code="r">2026-04-10 16:07:37</subfield>
    <subfield code="w">2026-04-10</subfield>
    <subfield code="y">RN</subfield>
  </datafield>
  <datafield tag="952" ind1=" " ind2=" ">
    <subfield code="0">0</subfield>
    <subfield code="1">0</subfield>
    <subfield code="4">0</subfield>
    <subfield code="7">0</subfield>
    <subfield code="a">BCEJYS</subfield>
    <subfield code="b">BCEJYS</subfield>
    <subfield code="c">17</subfield>
    <subfield code="d">1982-03-01</subfield>
    <subfield code="h">N&#xBA; 3 - mar. 1982</subfield>
    <subfield code="l">0</subfield>
    <subfield code="o">H349.2 SOC 3.1982</subfield>
    <subfield code="p">R07597</subfield>
    <subfield code="r">2026-04-10 16:07:37</subfield>
    <subfield code="w">2026-04-10</subfield>
    <subfield code="y">RN</subfield>
  </datafield>
  <datafield tag="952" ind1=" " ind2=" ">
    <subfield code="0">0</subfield>
    <subfield code="1">0</subfield>
    <subfield code="4">0</subfield>
    <subfield code="7">0</subfield>
    <subfield code="a">BCEJYS</subfield>
    <subfield code="b">BCEJYS</subfield>
    <subfield code="c">17</subfield>
    <subfield code="d">1982-02-01</subfield>
    <subfield code="h">N&#xBA; 2 - feb. 1982</subfield>
    <subfield code="l">0</subfield>
    <subfield code="o">H349.2 SOC 2.1982</subfield>
    <subfield code="p">R07596</subfield>
    <subfield code="r">2026-04-10 16:07:37</subfield>
    <subfield code="w">2026-04-10</subfield>
    <subfield code="y">RN</subfield>
  </datafield>
  <datafield tag="952" ind1=" " ind2=" ">
    <subfield code="0">0</subfield>
    <subfield code="1">0</subfield>
    <subfield code="4">0</subfield>
    <subfield code="7">0</subfield>
    <subfield code="a">BCEJYS</subfield>
    <subfield code="b">BCEJYS</subfield>
    <subfield code="c">17</subfield>
    <subfield code="d">1982-01-01</subfield>
    <subfield code="h">N&#xBA; 1 - ene. 1982</subfield>
    <subfield code="l">0</subfield>
    <subfield code="o">H349.2 SOC 1.1982</subfield>
    <subfield code="p">R07593</subfield>
    <subfield code="r">2026-04-10 16:07:37</subfield>
    <subfield code="w">2026-04-10</subfield>
    <subfield code="y">RN</subfield>
  </datafield>
  <datafield tag="952" ind1=" " ind2=" ">
    <subfield code="0">0</subfield>
    <subfield code="1">0</subfield>
    <subfield code="4">0</subfield>
    <subfield code="7">0</subfield>
    <subfield code="a">BCEJYS</subfield>
    <subfield code="b">BCEJYS</subfield>
    <subfield code="c">17</subfield>
    <subfield code="d">1981-12-01</subfield>
    <subfield code="h">N&#xBA; 12 - dic. 1981</subfield>
    <subfield code="l">0</subfield>
    <subfield code="o">H349.2 SOC 12.1981</subfield>
    <subfield code="p">R07865</subfield>
    <subfield code="r">2026-04-10 16:07:37</subfield>
    <subfield code="w">2026-04-10</subfield>
    <subfield code="y">RN</subfield>
  </datafield>
  <datafield tag="952" ind1=" " ind2=" ">
    <subfield code="0">0</subfield>
    <subfield code="1">0</subfield>
    <subfield code="4">0</subfield>
    <subfield code="7">0</subfield>
    <subfield code="a">BCEJYS</subfield>
    <subfield code="b">BCEJYS</subfield>
    <subfield code="c">17</subfield>
    <subfield code="d">1981-11-01</subfield>
    <subfield code="h">N&#xBA; 10/11 - nov. 1981</subfield>
    <subfield code="l">0</subfield>
    <subfield code="o">H349.2 SOC 10/11.1981</subfield>
    <subfield code="p">R07863</subfield>
    <subfield code="r">2026-04-10 16:07:37</subfield>
    <subfield code="w">2026-04-10</subfield>
    <subfield code="y">RN</subfield>
  </datafield>
  <datafield tag="952" ind1=" " ind2=" ">
    <subfield code="0">0</subfield>
    <subfield code="1">0</subfield>
    <subfield code="4">0</subfield>
    <subfield code="7">0</subfield>
    <subfield code="a">BCEJYS</subfield>
    <subfield code="b">BCEJYS</subfield>
    <subfield code="c">17</subfield>
    <subfield code="d">1981-10-01</subfield>
    <subfield code="h">oct. 1981</subfield>
    <subfield code="l">0</subfield>
    <subfield code="o">H349.2 SOC 1981/B</subfield>
    <subfield code="p">R07864</subfield>
    <subfield code="r">2026-04-10 16:07:37</subfield>
    <subfield code="w">2026-04-10</subfield>
    <subfield code="y">RN</subfield>
  </datafield>
  <datafield tag="952" ind1=" " ind2=" ">
    <subfield code="0">0</subfield>
    <subfield code="1">0</subfield>
    <subfield code="4">0</subfield>
    <subfield code="7">0</subfield>
    <subfield code="a">BCEJYS</subfield>
    <subfield code="b">BCEJYS</subfield>
    <subfield code="c">17</subfield>
    <subfield code="d">1981-09-01</subfield>
    <subfield code="h">sep. 1981</subfield>
    <subfield code="l">0</subfield>
    <subfield code="o">H349.2 SOC 1981/A</subfield>
    <subfield code="p">R07862</subfield>
    <subfield code="r">2026-04-10 16:07:37</subfield>
    <subfield code="w">2026-04-10</subfield>
    <subfield code="y">RN</subfield>
  </datafield>
  <datafield tag="952" ind1=" " ind2=" ">
    <subfield code="0">0</subfield>
    <subfield code="1">0</subfield>
    <subfield code="4">0</subfield>
    <subfield code="7">0</subfield>
    <subfield code="a">BCEJYS</subfield>
    <subfield code="b">BCEJYS</subfield>
    <subfield code="c">17</subfield>
    <subfield code="d">1981-09-01</subfield>
    <subfield code="h">N&#xBA; 9 - sep. 1981</subfield>
    <subfield code="l">0</subfield>
    <subfield code="o">H349.2 SOC 9.1981</subfield>
    <subfield code="p">R07861</subfield>
    <subfield code="r">2026-04-10 16:07:37</subfield>
    <subfield code="w">2026-04-10</subfield>
    <subfield code="y">RN</subfield>
  </datafield>
  <datafield tag="952" ind1=" " ind2=" ">
    <subfield code="0">0</subfield>
    <subfield code="1">0</subfield>
    <subfield code="4">0</subfield>
    <subfield code="7">0</subfield>
    <subfield code="a">BCEJYS</subfield>
    <subfield code="b">BCEJYS</subfield>
    <subfield code="c">17</subfield>
    <subfield code="d">1981-08-01</subfield>
    <subfield code="h">N&#xBA; 8 - ago. 1981</subfield>
    <subfield code="l">0</subfield>
    <subfield code="o">H349.2 SOC 8.1981</subfield>
    <subfield code="p">R07860</subfield>
    <subfield code="r">2026-04-10 16:07:37</subfield>
    <subfield code="w">2026-04-10</subfield>
    <subfield code="y">RN</subfield>
  </datafield>
  <datafield tag="952" ind1=" " ind2=" ">
    <subfield code="0">0</subfield>
    <subfield code="1">0</subfield>
    <subfield code="4">0</subfield>
    <subfield code="7">0</subfield>
    <subfield code="a">BCEJYS</subfield>
    <subfield code="b">BCEJYS</subfield>
    <subfield code="c">17</subfield>
    <subfield code="d">1981-06-01</subfield>
    <subfield code="h">N&#xBA; 6/7 - jun./jul. 1981</subfield>
    <subfield code="l">0</subfield>
    <subfield code="o">H349.2 SOC 6/7.1981</subfield>
    <subfield code="p">R07859</subfield>
    <subfield code="r">2026-04-10 16:07:38</subfield>
    <subfield code="w">2026-04-10</subfield>
    <subfield code="y">RN</subfield>
  </datafield>
  <datafield tag="952" ind1=" " ind2=" ">
    <subfield code="0">0</subfield>
    <subfield code="1">0</subfield>
    <subfield code="4">0</subfield>
    <subfield code="7">0</subfield>
    <subfield code="a">BCEJYS</subfield>
    <subfield code="b">BCEJYS</subfield>
    <subfield code="c">17</subfield>
    <subfield code="d">1981-05-01</subfield>
    <subfield code="h">N&#xBA; 5 - mayo 1981</subfield>
    <subfield code="l">0</subfield>
    <subfield code="o">H349.2 SOC 5.1981</subfield>
    <subfield code="p">R07858</subfield>
    <subfield code="r">2026-04-10 16:07:38</subfield>
    <subfield code="w">2026-04-10</subfield>
    <subfield code="y">RN</subfield>
  </datafield>
  <datafield tag="952" ind1=" " ind2=" ">
    <subfield code="0">0</subfield>
    <subfield code="1">0</subfield>
    <subfield code="4">0</subfield>
    <subfield code="7">0</subfield>
    <subfield code="a">BCEJYS</subfield>
    <subfield code="b">BCEJYS</subfield>
    <subfield code="c">17</subfield>
    <subfield code="d">1981-04-01</subfield>
    <subfield code="h">N&#xBA; 4 - abr. 1981</subfield>
    <subfield code="l">0</subfield>
    <subfield code="o">H349.2 SOC 4.1981</subfield>
    <subfield code="p">R07857</subfield>
    <subfield code="r">2026-04-10 16:07:38</subfield>
    <subfield code="w">2026-04-10</subfield>
    <subfield code="y">RN</subfield>
  </datafield>
  <datafield tag="952" ind1=" " ind2=" ">
    <subfield code="0">0</subfield>
    <subfield code="1">0</subfield>
    <subfield code="4">0</subfield>
    <subfield code="7">0</subfield>
    <subfield code="a">BCEJYS</subfield>
    <subfield code="b">BCEJYS</subfield>
    <subfield code="c">17</subfield>
    <subfield code="d">1981-03-01</subfield>
    <subfield code="h">N&#xBA; 3 - mar. 1981</subfield>
    <subfield code="l">0</subfield>
    <subfield code="o">H349.2 SOC 3.1981</subfield>
    <subfield code="p">R07856</subfield>
    <subfield code="r">2026-04-10 16:07:38</subfield>
    <subfield code="w">2026-04-10</subfield>
    <subfield code="y">RN</subfield>
  </datafield>
  <datafield tag="952" ind1=" " ind2=" ">
    <subfield code="0">0</subfield>
    <subfield code="1">0</subfield>
    <subfield code="4">0</subfield>
    <subfield code="7">0</subfield>
    <subfield code="a">BCEJYS</subfield>
    <subfield code="b">BCEJYS</subfield>
    <subfield code="c">17</subfield>
    <subfield code="d">1981-02-01</subfield>
    <subfield code="h">N&#xBA; 2 - feb. 1981</subfield>
    <subfield code="l">0</subfield>
    <subfield code="o">H349.2 SOC 2.1981</subfield>
    <subfield code="p">R07855</subfield>
    <subfield code="r">2026-04-10 16:07:38</subfield>
    <subfield code="w">2026-04-10</subfield>
    <subfield code="y">RN</subfield>
  </datafield>
  <datafield tag="952" ind1=" " ind2=" ">
    <subfield code="0">0</subfield>
    <subfield code="1">0</subfield>
    <subfield code="4">0</subfield>
    <subfield code="7">0</subfield>
    <subfield code="a">BCEJYS</subfield>
    <subfield code="b">BCEJYS</subfield>
    <subfield code="c">17</subfield>
    <subfield code="d">1981-01-01</subfield>
    <subfield code="h">N&#xBA; 1 - ene. 1981</subfield>
    <subfield code="l">0</subfield>
    <subfield code="o">H349.2 SOC 1.1981</subfield>
    <subfield code="p">R07854</subfield>
    <subfield code="r">2026-04-10 16:07:38</subfield>
    <subfield code="w">2026-04-10</subfield>
    <subfield code="y">RN</subfield>
  </datafield>
  <datafield tag="952" ind1=" " ind2=" ">
    <subfield code="0">0</subfield>
    <subfield code="1">0</subfield>
    <subfield code="4">0</subfield>
    <subfield code="7">0</subfield>
    <subfield code="a">BCEJYS</subfield>
    <subfield code="b">BCEJYS</subfield>
    <subfield code="c">17</subfield>
    <subfield code="d">1980-12-01</subfield>
    <subfield code="h">N&#xBA; 12 - dic. 1980</subfield>
    <subfield code="l">0</subfield>
    <subfield code="o">H349.2 SOC 12.1980</subfield>
    <subfield code="p">R07853</subfield>
    <subfield code="r">2026-04-10 16:07:38</subfield>
    <subfield code="w">2026-04-10</subfield>
    <subfield code="y">RN</subfield>
  </datafield>
  <datafield tag="952" ind1=" " ind2=" ">
    <subfield code="0">0</subfield>
    <subfield code="1">0</subfield>
    <subfield code="4">0</subfield>
    <subfield code="7">0</subfield>
    <subfield code="a">BCEJYS</subfield>
    <subfield code="b">BCEJYS</subfield>
    <subfield code="c">17</subfield>
    <subfield code="d">1980-11-01</subfield>
    <subfield code="h">N&#xBA; 11 - nov. 1980</subfield>
    <subfield code="l">0</subfield>
    <subfield code="o">H349.2 SOC 11.1980</subfield>
    <subfield code="p">R07852</subfield>
    <subfield code="r">2026-04-10 16:07:38</subfield>
    <subfield code="w">2026-04-10</subfield>
    <subfield code="y">RN</subfield>
  </datafield>
  <datafield tag="952" ind1=" " ind2=" ">
    <subfield code="0">0</subfield>
    <subfield code="1">0</subfield>
    <subfield code="4">0</subfield>
    <subfield code="7">0</subfield>
    <subfield code="a">BCEJYS</subfield>
    <subfield code="b">BCEJYS</subfield>
    <subfield code="c">17</subfield>
    <subfield code="d">1980-10-01</subfield>
    <subfield code="h">N&#xBA; 10 - oct. 1980</subfield>
    <subfield code="l">0</subfield>
    <subfield code="o">H349.2 SOC 10.1980</subfield>
    <subfield code="p">R07851</subfield>
    <subfield code="r">2026-04-10 16:07:38</subfield>
    <subfield code="w">2026-04-10</subfield>
    <subfield code="y">RN</subfield>
  </datafield>
  <datafield tag="952" ind1=" " ind2=" ">
    <subfield code="0">0</subfield>
    <subfield code="1">0</subfield>
    <subfield code="4">0</subfield>
    <subfield code="7">0</subfield>
    <subfield code="a">BCEJYS</subfield>
    <subfield code="b">BCEJYS</subfield>
    <subfield code="c">17</subfield>
    <subfield code="d">1980-09-01</subfield>
    <subfield code="h">N&#xBA; 9 - sep. 1980</subfield>
    <subfield code="l">0</subfield>
    <subfield code="o">H349.2 SOC 9.1980</subfield>
    <subfield code="p">R07850</subfield>
    <subfield code="r">2026-04-10 16:07:38</subfield>
    <subfield code="w">2026-04-10</subfield>
    <subfield code="y">RN</subfield>
  </datafield>
  <datafield tag="952" ind1=" " ind2=" ">
    <subfield code="0">0</subfield>
    <subfield code="1">0</subfield>
    <subfield code="4">0</subfield>
    <subfield code="7">0</subfield>
    <subfield code="a">BCEJYS</subfield>
    <subfield code="b">BCEJYS</subfield>
    <subfield code="c">17</subfield>
    <subfield code="d">1980-08-01</subfield>
    <subfield code="h">N&#xBA; 8 - ago. 1980</subfield>
    <subfield code="l">0</subfield>
    <subfield code="o">H349.2 SOC 8.1980</subfield>
    <subfield code="p">R07849</subfield>
    <subfield code="r">2026-04-10 16:07:38</subfield>
    <subfield code="w">2026-04-10</subfield>
    <subfield code="y">RN</subfield>
  </datafield>
  <datafield tag="952" ind1=" " ind2=" ">
    <subfield code="0">0</subfield>
    <subfield code="1">0</subfield>
    <subfield code="4">0</subfield>
    <subfield code="7">0</subfield>
    <subfield code="a">BCEJYS</subfield>
    <subfield code="b">BCEJYS</subfield>
    <subfield code="c">17</subfield>
    <subfield code="d">1980-07-01</subfield>
    <subfield code="h">N&#xBA; 7 - jul. 1980</subfield>
    <subfield code="l">0</subfield>
    <subfield code="o">H349.2 SOC 7.1980</subfield>
    <subfield code="p">R07848</subfield>
    <subfield code="r">2026-04-10 16:07:38</subfield>
    <subfield code="w">2026-04-10</subfield>
    <subfield code="y">RN</subfield>
  </datafield>
  <datafield tag="952" ind1=" " ind2=" ">
    <subfield code="0">0</subfield>
    <subfield code="1">0</subfield>
    <subfield code="4">0</subfield>
    <subfield code="7">0</subfield>
    <subfield code="a">BCEJYS</subfield>
    <subfield code="b">BCEJYS</subfield>
    <subfield code="c">17</subfield>
    <subfield code="d">1980-06-01</subfield>
    <subfield code="h">N&#xBA; 6 - jun. 1980</subfield>
    <subfield code="l">0</subfield>
    <subfield code="o">H349.2 SOC 6.1980</subfield>
    <subfield code="p">R07847</subfield>
    <subfield code="r">2026-04-10 16:07:38</subfield>
    <subfield code="w">2026-04-10</subfield>
    <subfield code="y">RN</subfield>
  </datafield>
  <datafield tag="952" ind1=" " ind2=" ">
    <subfield code="0">0</subfield>
    <subfield code="1">0</subfield>
    <subfield code="4">0</subfield>
    <subfield code="7">0</subfield>
    <subfield code="a">BCEJYS</subfield>
    <subfield code="b">BCEJYS</subfield>
    <subfield code="c">17</subfield>
    <subfield code="d">1980-05-01</subfield>
    <subfield code="h">N&#xBA; 5 - mayo 1980</subfield>
    <subfield code="l">0</subfield>
    <subfield code="o">H349.2 SOC 5.1980</subfield>
    <subfield code="p">R07846</subfield>
    <subfield code="r">2026-04-10 16:07:38</subfield>
    <subfield code="w">2026-04-10</subfield>
    <subfield code="y">RN</subfield>
  </datafield>
  <datafield tag="952" ind1=" " ind2=" ">
    <subfield code="0">0</subfield>
    <subfield code="1">0</subfield>
    <subfield code="4">0</subfield>
    <subfield code="7">0</subfield>
    <subfield code="a">BCEJYS</subfield>
    <subfield code="b">BCEJYS</subfield>
    <subfield code="c">17</subfield>
    <subfield code="d">1980-04-01</subfield>
    <subfield code="h">N&#xBA; 4 - abr. 1980</subfield>
    <subfield code="l">0</subfield>
    <subfield code="o">H349.2 SOC 4.1980</subfield>
    <subfield code="p">R07845</subfield>
    <subfield code="r">2026-04-10 16:07:38</subfield>
    <subfield code="w">2026-04-10</subfield>
    <subfield code="y">RN</subfield>
  </datafield>
  <datafield tag="952" ind1=" " ind2=" ">
    <subfield code="0">0</subfield>
    <subfield code="1">0</subfield>
    <subfield code="4">0</subfield>
    <subfield code="7">0</subfield>
    <subfield code="a">BCEJYS</subfield>
    <subfield code="b">BCEJYS</subfield>
    <subfield code="c">17</subfield>
    <subfield code="d">1980-03-01</subfield>
    <subfield code="h">N&#xBA; 3 - mar. 1980</subfield>
    <subfield code="l">0</subfield>
    <subfield code="o">H349.2 SOC 3.1980</subfield>
    <subfield code="p">R07844</subfield>
    <subfield code="r">2026-04-10 16:07:38</subfield>
    <subfield code="w">2026-04-10</subfield>
    <subfield code="y">RN</subfield>
  </datafield>
  <datafield tag="952" ind1=" " ind2=" ">
    <subfield code="0">0</subfield>
    <subfield code="1">0</subfield>
    <subfield code="4">0</subfield>
    <subfield code="7">0</subfield>
    <subfield code="a">BCEJYS</subfield>
    <subfield code="b">BCEJYS</subfield>
    <subfield code="c">17</subfield>
    <subfield code="d">1980-02-01</subfield>
    <subfield code="h">N&#xBA; 2 - feb. 1980</subfield>
    <subfield code="l">0</subfield>
    <subfield code="o">H349.2 SOC 2.1980</subfield>
    <subfield code="p">R07843</subfield>
    <subfield code="r">2026-04-10 16:07:38</subfield>
    <subfield code="w">2026-04-10</subfield>
    <subfield code="y">RN</subfield>
  </datafield>
  <datafield tag="952" ind1=" " ind2=" ">
    <subfield code="0">0</subfield>
    <subfield code="1">0</subfield>
    <subfield code="4">0</subfield>
    <subfield code="7">0</subfield>
    <subfield code="a">BCEJYS</subfield>
    <subfield code="b">BCEJYS</subfield>
    <subfield code="c">17</subfield>
    <subfield code="d">1980-01-01</subfield>
    <subfield code="h">N&#xBA; 1 - ene. 1980</subfield>
    <subfield code="l">0</subfield>
    <subfield code="o">H349.2 SOC 1.1980</subfield>
    <subfield code="p">R07842</subfield>
    <subfield code="r">2026-04-10 16:07:38</subfield>
    <subfield code="w">2026-04-10</subfield>
    <subfield code="y">RN</subfield>
  </datafield>
  <datafield tag="952" ind1=" " ind2=" ">
    <subfield code="0">0</subfield>
    <subfield code="1">0</subfield>
    <subfield code="4">0</subfield>
    <subfield code="7">0</subfield>
    <subfield code="a">BCEJYS</subfield>
    <subfield code="b">BCEJYS</subfield>
    <subfield code="c">17</subfield>
    <subfield code="d">1979-11-01</subfield>
    <subfield code="h">N&#xBA; 11/12 - nov./dic. 1979</subfield>
    <subfield code="l">0</subfield>
    <subfield code="o">H349.2 SOC 11/12.1979</subfield>
    <subfield code="p">R07841</subfield>
    <subfield code="r">2026-04-10 16:07:38</subfield>
    <subfield code="w">2026-04-10</subfield>
    <subfield code="y">RN</subfield>
  </datafield>
  <datafield tag="952" ind1=" " ind2=" ">
    <subfield code="0">0</subfield>
    <subfield code="1">0</subfield>
    <subfield code="4">0</subfield>
    <subfield code="7">0</subfield>
    <subfield code="a">BCEJYS</subfield>
    <subfield code="b">BCEJYS</subfield>
    <subfield code="c">17</subfield>
    <subfield code="d">1979-10-01</subfield>
    <subfield code="h">N&#xBA; 10 - oct. 1979</subfield>
    <subfield code="l">0</subfield>
    <subfield code="o">H349.2 SOC 10.1979</subfield>
    <subfield code="p">R07840</subfield>
    <subfield code="r">2026-04-10 16:07:38</subfield>
    <subfield code="w">2026-04-10</subfield>
    <subfield code="y">RN</subfield>
  </datafield>
  <datafield tag="952" ind1=" " ind2=" ">
    <subfield code="0">0</subfield>
    <subfield code="1">0</subfield>
    <subfield code="4">0</subfield>
    <subfield code="7">0</subfield>
    <subfield code="a">BCEJYS</subfield>
    <subfield code="b">BCEJYS</subfield>
    <subfield code="c">17</subfield>
    <subfield code="d">1979-08-01</subfield>
    <subfield code="h">N&#xBA; 8/9 - ago./sep. 1979</subfield>
    <subfield code="l">0</subfield>
    <subfield code="o">H349.2 SOC 8/9.1979</subfield>
    <subfield code="p">R07839</subfield>
    <subfield code="r">2026-04-10 16:07:38</subfield>
    <subfield code="w">2026-04-10</subfield>
    <subfield code="y">RN</subfield>
  </datafield>
  <datafield tag="952" ind1=" " ind2=" ">
    <subfield code="0">0</subfield>
    <subfield code="1">0</subfield>
    <subfield code="4">0</subfield>
    <subfield code="7">0</subfield>
    <subfield code="a">BCEJYS</subfield>
    <subfield code="b">BCEJYS</subfield>
    <subfield code="c">17</subfield>
    <subfield code="d">1979-07-01</subfield>
    <subfield code="h">N&#xBA; 7 - jul. 1979</subfield>
    <subfield code="l">0</subfield>
    <subfield code="o">H349.2 SOC 7.1979</subfield>
    <subfield code="p">R07838</subfield>
    <subfield code="r">2026-04-10 16:07:38</subfield>
    <subfield code="w">2026-04-10</subfield>
    <subfield code="y">RN</subfield>
  </datafield>
  <datafield tag="952" ind1=" " ind2=" ">
    <subfield code="0">0</subfield>
    <subfield code="1">0</subfield>
    <subfield code="4">0</subfield>
    <subfield code="7">0</subfield>
    <subfield code="a">BCEJYS</subfield>
    <subfield code="b">BCEJYS</subfield>
    <subfield code="c">17</subfield>
    <subfield code="d">1979-06-01</subfield>
    <subfield code="h">N&#xBA; 6 - jun. 1979</subfield>
    <subfield code="l">0</subfield>
    <subfield code="o">H349.2 SOC 6.1979</subfield>
    <subfield code="p">R07837</subfield>
    <subfield code="r">2026-04-10 16:07:38</subfield>
    <subfield code="w">2026-04-10</subfield>
    <subfield code="y">RN</subfield>
  </datafield>
  <datafield tag="952" ind1=" " ind2=" ">
    <subfield code="0">0</subfield>
    <subfield code="1">0</subfield>
    <subfield code="4">0</subfield>
    <subfield code="7">0</subfield>
    <subfield code="a">BCEJYS</subfield>
    <subfield code="b">BCEJYS</subfield>
    <subfield code="c">17</subfield>
    <subfield code="d">1979-05-01</subfield>
    <subfield code="h">N&#xBA; 5 - mayo 1979</subfield>
    <subfield code="l">0</subfield>
    <subfield code="o">H349.2 SOC 5.1979</subfield>
    <subfield code="p">R07836</subfield>
    <subfield code="r">2026-04-10 16:07:38</subfield>
    <subfield code="w">2026-04-10</subfield>
    <subfield code="y">RN</subfield>
  </datafield>
  <datafield tag="952" ind1=" " ind2=" ">
    <subfield code="0">0</subfield>
    <subfield code="1">0</subfield>
    <subfield code="4">0</subfield>
    <subfield code="7">0</subfield>
    <subfield code="a">BCEJYS</subfield>
    <subfield code="b">BCEJYS</subfield>
    <subfield code="c">17</subfield>
    <subfield code="d">1979-04-01</subfield>
    <subfield code="h">N&#xBA; 4 - abr. 1979</subfield>
    <subfield code="l">0</subfield>
    <subfield code="o">H349.2 SOC 4.1979</subfield>
    <subfield code="p">R07835</subfield>
    <subfield code="r">2026-04-10 16:07:38</subfield>
    <subfield code="w">2026-04-10</subfield>
    <subfield code="y">RN</subfield>
  </datafield>
  <datafield tag="952" ind1=" " ind2=" ">
    <subfield code="0">0</subfield>
    <subfield code="1">0</subfield>
    <subfield code="4">0</subfield>
    <subfield code="7">0</subfield>
    <subfield code="a">BCEJYS</subfield>
    <subfield code="b">BCEJYS</subfield>
    <subfield code="c">17</subfield>
    <subfield code="d">1979-03-01</subfield>
    <subfield code="h">N&#xBA; 3 - mar. 1979</subfield>
    <subfield code="l">0</subfield>
    <subfield code="o">H349.2 SOC 3.1979</subfield>
    <subfield code="p">R07834</subfield>
    <subfield code="r">2026-04-10 16:07:38</subfield>
    <subfield code="w">2026-04-10</subfield>
    <subfield code="y">RN</subfield>
  </datafield>
  <datafield tag="952" ind1=" " ind2=" ">
    <subfield code="0">0</subfield>
    <subfield code="1">0</subfield>
    <subfield code="4">0</subfield>
    <subfield code="7">0</subfield>
    <subfield code="a">BCEJYS</subfield>
    <subfield code="b">BCEJYS</subfield>
    <subfield code="c">17</subfield>
    <subfield code="d">1979-02-01</subfield>
    <subfield code="h">N&#xBA; 2 - feb. 1979</subfield>
    <subfield code="l">0</subfield>
    <subfield code="o">H349.2 SOC 2.1979</subfield>
    <subfield code="p">R07833</subfield>
    <subfield code="r">2026-04-10 16:07:38</subfield>
    <subfield code="w">2026-04-10</subfield>
    <subfield code="y">RN</subfield>
  </datafield>
  <datafield tag="952" ind1=" " ind2=" ">
    <subfield code="0">0</subfield>
    <subfield code="1">0</subfield>
    <subfield code="4">0</subfield>
    <subfield code="7">0</subfield>
    <subfield code="a">BCEJYS</subfield>
    <subfield code="b">BCEJYS</subfield>
    <subfield code="c">17</subfield>
    <subfield code="d">1979-01-01</subfield>
    <subfield code="h">N&#xBA; 1 - ene. 1979</subfield>
    <subfield code="l">0</subfield>
    <subfield code="o">H349.2 SOC 1.1979</subfield>
    <subfield code="p">R07832</subfield>
    <subfield code="r">2026-04-10 16:07:38</subfield>
    <subfield code="w">2026-04-10</subfield>
    <subfield code="y">RN</subfield>
  </datafield>
  <datafield tag="952" ind1=" " ind2=" ">
    <subfield code="0">0</subfield>
    <subfield code="1">0</subfield>
    <subfield code="4">0</subfield>
    <subfield code="7">0</subfield>
    <subfield code="a">BCEJYS</subfield>
    <subfield code="b">BCEJYS</subfield>
    <subfield code="c">17</subfield>
    <subfield code="d">1978-12-01</subfield>
    <subfield code="h">N&#xBA; 12 - dic. 1978</subfield>
    <subfield code="l">0</subfield>
    <subfield code="o">H349.2 SOC 12.1978</subfield>
    <subfield code="p">R07831</subfield>
    <subfield code="r">2026-04-10 16:07:38</subfield>
    <subfield code="w">2026-04-10</subfield>
    <subfield code="y">RN</subfield>
  </datafield>
  <datafield tag="952" ind1=" " ind2=" ">
    <subfield code="0">0</subfield>
    <subfield code="1">0</subfield>
    <subfield code="4">0</subfield>
    <subfield code="7">0</subfield>
    <subfield code="a">BCEJYS</subfield>
    <subfield code="b">BCEJYS</subfield>
    <subfield code="c">17</subfield>
    <subfield code="d">1978-11-01</subfield>
    <subfield code="h">N&#xBA; 11 - nov. 1978</subfield>
    <subfield code="l">0</subfield>
    <subfield code="o">H349.2 SOC 11.1978</subfield>
    <subfield code="p">R07830</subfield>
    <subfield code="r">2026-04-10 16:07:38</subfield>
    <subfield code="w">2026-04-10</subfield>
    <subfield code="y">RN</subfield>
  </datafield>
  <datafield tag="952" ind1=" " ind2=" ">
    <subfield code="0">0</subfield>
    <subfield code="1">0</subfield>
    <subfield code="4">0</subfield>
    <subfield code="7">0</subfield>
    <subfield code="a">BCEJYS</subfield>
    <subfield code="b">BCEJYS</subfield>
    <subfield code="c">17</subfield>
    <subfield code="d">1978-10-01</subfield>
    <subfield code="h">N&#xBA; 10 - oct. 1978</subfield>
    <subfield code="l">0</subfield>
    <subfield code="o">H349.2 SOC 10.1978</subfield>
    <subfield code="p">R07829</subfield>
    <subfield code="r">2026-04-10 16:07:38</subfield>
    <subfield code="w">2026-04-10</subfield>
    <subfield code="y">RN</subfield>
  </datafield>
  <datafield tag="952" ind1=" " ind2=" ">
    <subfield code="0">0</subfield>
    <subfield code="1">0</subfield>
    <subfield code="4">0</subfield>
    <subfield code="7">0</subfield>
    <subfield code="a">BCEJYS</subfield>
    <subfield code="b">BCEJYS</subfield>
    <subfield code="c">17</subfield>
    <subfield code="d">1978-09-01</subfield>
    <subfield code="h">N&#xBA; 9 - sep. 1978</subfield>
    <subfield code="l">0</subfield>
    <subfield code="o">H349.2 SOC 9.1978</subfield>
    <subfield code="p">R07828</subfield>
    <subfield code="r">2026-04-10 16:07:38</subfield>
    <subfield code="w">2026-04-10</subfield>
    <subfield code="y">RN</subfield>
  </datafield>
  <datafield tag="952" ind1=" " ind2=" ">
    <subfield code="0">0</subfield>
    <subfield code="1">0</subfield>
    <subfield code="4">0</subfield>
    <subfield code="7">0</subfield>
    <subfield code="a">BCEJYS</subfield>
    <subfield code="b">BCEJYS</subfield>
    <subfield code="c">17</subfield>
    <subfield code="d">1978-08-01</subfield>
    <subfield code="h">N&#xBA; 8 - ago. 1978</subfield>
    <subfield code="l">0</subfield>
    <subfield code="o">H349.2 SOC 8.1978</subfield>
    <subfield code="p">R07827</subfield>
    <subfield code="r">2026-04-10 16:07:38</subfield>
    <subfield code="w">2026-04-10</subfield>
    <subfield code="y">RN</subfield>
  </datafield>
  <datafield tag="952" ind1=" " ind2=" ">
    <subfield code="0">0</subfield>
    <subfield code="1">0</subfield>
    <subfield code="4">0</subfield>
    <subfield code="7">0</subfield>
    <subfield code="a">BCEJYS</subfield>
    <subfield code="b">BCEJYS</subfield>
    <subfield code="c">17</subfield>
    <subfield code="d">1978-07-01</subfield>
    <subfield code="h">N&#xBA; 7 - jul. 1978</subfield>
    <subfield code="l">0</subfield>
    <subfield code="o">H349.2 SOC 7.1978</subfield>
    <subfield code="p">R07826</subfield>
    <subfield code="r">2026-04-10 16:07:38</subfield>
    <subfield code="w">2026-04-10</subfield>
    <subfield code="y">RN</subfield>
  </datafield>
  <datafield tag="952" ind1=" " ind2=" ">
    <subfield code="0">0</subfield>
    <subfield code="1">0</subfield>
    <subfield code="4">0</subfield>
    <subfield code="7">0</subfield>
    <subfield code="a">BCEJYS</subfield>
    <subfield code="b">BCEJYS</subfield>
    <subfield code="c">17</subfield>
    <subfield code="d">1978-06-01</subfield>
    <subfield code="h">N&#xBA; 6 - jun. 1978</subfield>
    <subfield code="l">0</subfield>
    <subfield code="o">H349.2 SOC 6.1978</subfield>
    <subfield code="p">R07825</subfield>
    <subfield code="r">2026-04-10 16:07:38</subfield>
    <subfield code="w">2026-04-10</subfield>
    <subfield code="y">RN</subfield>
  </datafield>
  <datafield tag="952" ind1=" " ind2=" ">
    <subfield code="0">0</subfield>
    <subfield code="1">0</subfield>
    <subfield code="4">0</subfield>
    <subfield code="7">0</subfield>
    <subfield code="a">BCEJYS</subfield>
    <subfield code="b">BCEJYS</subfield>
    <subfield code="c">17</subfield>
    <subfield code="d">1978-05-01</subfield>
    <subfield code="h">N&#xBA; 5 - mayo 1978</subfield>
    <subfield code="l">0</subfield>
    <subfield code="o">H349.2 SOC 5.1978</subfield>
    <subfield code="p">R07824</subfield>
    <subfield code="r">2026-04-10 16:07:38</subfield>
    <subfield code="w">2026-04-10</subfield>
    <subfield code="y">RN</subfield>
  </datafield>
  <datafield tag="952" ind1=" " ind2=" ">
    <subfield code="0">0</subfield>
    <subfield code="1">0</subfield>
    <subfield code="4">0</subfield>
    <subfield code="7">0</subfield>
    <subfield code="a">BCEJYS</subfield>
    <subfield code="b">BCEJYS</subfield>
    <subfield code="c">17</subfield>
    <subfield code="d">1978-04-01</subfield>
    <subfield code="h">N&#xBA; 4 - abr. 1978</subfield>
    <subfield code="l">0</subfield>
    <subfield code="o">H349.2 SOC 4.1978</subfield>
    <subfield code="p">R07823</subfield>
    <subfield code="r">2026-04-10 16:07:38</subfield>
    <subfield code="w">2026-04-10</subfield>
    <subfield code="y">RN</subfield>
  </datafield>
  <datafield tag="952" ind1=" " ind2=" ">
    <subfield code="0">0</subfield>
    <subfield code="1">0</subfield>
    <subfield code="4">0</subfield>
    <subfield code="7">0</subfield>
    <subfield code="a">BCEJYS</subfield>
    <subfield code="b">BCEJYS</subfield>
    <subfield code="c">17</subfield>
    <subfield code="d">1978-02-01</subfield>
    <subfield code="h">N&#xBA; 2 - feb. 1978</subfield>
    <subfield code="l">0</subfield>
    <subfield code="o">H349.2 SOC 2.1978</subfield>
    <subfield code="p">R07822</subfield>
    <subfield code="r">2026-04-10 16:07:38</subfield>
    <subfield code="w">2026-04-10</subfield>
    <subfield code="y">RN</subfield>
  </datafield>
  <datafield tag="952" ind1=" " ind2=" ">
    <subfield code="0">0</subfield>
    <subfield code="1">0</subfield>
    <subfield code="4">0</subfield>
    <subfield code="7">0</subfield>
    <subfield code="a">BCEJYS</subfield>
    <subfield code="b">BCEJYS</subfield>
    <subfield code="c">17</subfield>
    <subfield code="d">1977-11-01</subfield>
    <subfield code="h">N&#xBA; 11 - nov. 1977</subfield>
    <subfield code="l">0</subfield>
    <subfield code="o">H349.2 SOC 11.1977</subfield>
    <subfield code="p">R07821</subfield>
    <subfield code="r">2026-04-10 16:07:38</subfield>
    <subfield code="w">2026-04-10</subfield>
    <subfield code="y">RN</subfield>
  </datafield>
  <datafield tag="952" ind1=" " ind2=" ">
    <subfield code="0">0</subfield>
    <subfield code="1">0</subfield>
    <subfield code="4">0</subfield>
    <subfield code="7">0</subfield>
    <subfield code="a">BCEJYS</subfield>
    <subfield code="b">BCEJYS</subfield>
    <subfield code="c">17</subfield>
    <subfield code="d">1977-09-01</subfield>
    <subfield code="h">N&#xBA; 9 - sep. 1977</subfield>
    <subfield code="l">0</subfield>
    <subfield code="o">H349.2 SOC 9.1977</subfield>
    <subfield code="p">R07820</subfield>
    <subfield code="r">2026-04-10 16:07:38</subfield>
    <subfield code="w">2026-04-10</subfield>
    <subfield code="y">RN</subfield>
  </datafield>
  <datafield tag="952" ind1=" " ind2=" ">
    <subfield code="0">0</subfield>
    <subfield code="1">0</subfield>
    <subfield code="4">0</subfield>
    <subfield code="7">0</subfield>
    <subfield code="a">BCEJYS</subfield>
    <subfield code="b">BCEJYS</subfield>
    <subfield code="c">17</subfield>
    <subfield code="d">1977-07-01</subfield>
    <subfield code="h">N&#xBA; 7 - jul. 1977</subfield>
    <subfield code="l">0</subfield>
    <subfield code="o">H349.2 SOC 7.1977</subfield>
    <subfield code="p">R07819</subfield>
    <subfield code="r">2026-04-10 16:07:38</subfield>
    <subfield code="w">2026-04-10</subfield>
    <subfield code="y">RN</subfield>
  </datafield>
  <datafield tag="952" ind1=" " ind2=" ">
    <subfield code="0">0</subfield>
    <subfield code="1">0</subfield>
    <subfield code="4">0</subfield>
    <subfield code="7">0</subfield>
    <subfield code="a">BCEJYS</subfield>
    <subfield code="b">BCEJYS</subfield>
    <subfield code="c">17</subfield>
    <subfield code="d">1977-06-01</subfield>
    <subfield code="h">N&#xBA; 6 - jun. 1977</subfield>
    <subfield code="l">0</subfield>
    <subfield code="o">H349.2 SOC 6.1977</subfield>
    <subfield code="p">R07818</subfield>
    <subfield code="r">2026-04-10 16:07:38</subfield>
    <subfield code="w">2026-04-10</subfield>
    <subfield code="y">RN</subfield>
  </datafield>
  <datafield tag="952" ind1=" " ind2=" ">
    <subfield code="0">0</subfield>
    <subfield code="1">0</subfield>
    <subfield code="4">0</subfield>
    <subfield code="7">0</subfield>
    <subfield code="a">BCEJYS</subfield>
    <subfield code="b">BCEJYS</subfield>
    <subfield code="c">17</subfield>
    <subfield code="d">1977-05-01</subfield>
    <subfield code="h">N&#xBA; 5 - mayo 1977</subfield>
    <subfield code="l">0</subfield>
    <subfield code="o">H349.2 SOC 5.1977</subfield>
    <subfield code="p">R07817</subfield>
    <subfield code="r">2026-04-10 16:07:38</subfield>
    <subfield code="w">2026-04-10</subfield>
    <subfield code="y">RN</subfield>
  </datafield>
  <datafield tag="952" ind1=" " ind2=" ">
    <subfield code="0">0</subfield>
    <subfield code="1">0</subfield>
    <subfield code="4">0</subfield>
    <subfield code="7">0</subfield>
    <subfield code="a">BCEJYS</subfield>
    <subfield code="b">BCEJYS</subfield>
    <subfield code="c">17</subfield>
    <subfield code="d">1977-04-01</subfield>
    <subfield code="h">N&#xBA; 4 - abr. 1977</subfield>
    <subfield code="l">0</subfield>
    <subfield code="o">H349.2 SOC 4.1977</subfield>
    <subfield code="p">R07816</subfield>
    <subfield code="r">2026-04-10 16:07:38</subfield>
    <subfield code="w">2026-04-10</subfield>
    <subfield code="y">RN</subfield>
  </datafield>
  <datafield tag="952" ind1=" " ind2=" ">
    <subfield code="0">0</subfield>
    <subfield code="1">0</subfield>
    <subfield code="4">0</subfield>
    <subfield code="7">0</subfield>
    <subfield code="a">BCEJYS</subfield>
    <subfield code="b">BCEJYS</subfield>
    <subfield code="c">17</subfield>
    <subfield code="d">1977-03-01</subfield>
    <subfield code="h">N&#xBA; 3 - mar. 1977</subfield>
    <subfield code="l">0</subfield>
    <subfield code="o">H349.2 SOC 3.1977</subfield>
    <subfield code="p">R07815</subfield>
    <subfield code="r">2026-04-10 16:07:38</subfield>
    <subfield code="w">2026-04-10</subfield>
    <subfield code="y">RN</subfield>
  </datafield>
  <datafield tag="952" ind1=" " ind2=" ">
    <subfield code="0">0</subfield>
    <subfield code="1">0</subfield>
    <subfield code="4">0</subfield>
    <subfield code="7">0</subfield>
    <subfield code="a">BCEJYS</subfield>
    <subfield code="b">BCEJYS</subfield>
    <subfield code="c">17</subfield>
    <subfield code="d">1977-02-01</subfield>
    <subfield code="h">N&#xBA; 2 - feb. 1977</subfield>
    <subfield code="l">0</subfield>
    <subfield code="o">H349.2 SOC 2.1977</subfield>
    <subfield code="p">R07814</subfield>
    <subfield code="r">2026-04-10 16:07:38</subfield>
    <subfield code="w">2026-04-10</subfield>
    <subfield code="y">RN</subfield>
  </datafield>
  <datafield tag="952" ind1=" " ind2=" ">
    <subfield code="0">0</subfield>
    <subfield code="1">0</subfield>
    <subfield code="4">0</subfield>
    <subfield code="7">0</subfield>
    <subfield code="a">BCEJYS</subfield>
    <subfield code="b">BCEJYS</subfield>
    <subfield code="c">17</subfield>
    <subfield code="d">1977-01-01</subfield>
    <subfield code="h">N&#xBA; 1 - ene. 1977</subfield>
    <subfield code="l">0</subfield>
    <subfield code="o">H349.2 SOC 1.1977</subfield>
    <subfield code="p">R07813</subfield>
    <subfield code="r">2026-04-10 16:07:38</subfield>
    <subfield code="w">2026-04-10</subfield>
    <subfield code="y">RN</subfield>
  </datafield>
  <datafield tag="952" ind1=" " ind2=" ">
    <subfield code="0">0</subfield>
    <subfield code="1">0</subfield>
    <subfield code="4">0</subfield>
    <subfield code="7">0</subfield>
    <subfield code="a">BCEJYS</subfield>
    <subfield code="b">BCEJYS</subfield>
    <subfield code="c">17</subfield>
    <subfield code="d">1976-12-01</subfield>
    <subfield code="h">N&#xBA; 12 - dic. 1976</subfield>
    <subfield code="l">0</subfield>
    <subfield code="o">H349.2 SOC 12.1976</subfield>
    <subfield code="p">R07812</subfield>
    <subfield code="r">2026-04-10 16:07:38</subfield>
    <subfield code="w">2026-04-10</subfield>
    <subfield code="y">RN</subfield>
  </datafield>
  <datafield tag="952" ind1=" " ind2=" ">
    <subfield code="0">0</subfield>
    <subfield code="1">0</subfield>
    <subfield code="4">0</subfield>
    <subfield code="7">0</subfield>
    <subfield code="a">BCEJYS</subfield>
    <subfield code="b">BCEJYS</subfield>
    <subfield code="c">17</subfield>
    <subfield code="d">1976-11-01</subfield>
    <subfield code="h">N&#xBA; 11 - nov. 1976</subfield>
    <subfield code="l">0</subfield>
    <subfield code="o">H349.2 SOC 11.1976</subfield>
    <subfield code="p">R07811</subfield>
    <subfield code="r">2026-04-10 16:07:38</subfield>
    <subfield code="w">2026-04-10</subfield>
    <subfield code="y">RN</subfield>
  </datafield>
  <datafield tag="952" ind1=" " ind2=" ">
    <subfield code="0">0</subfield>
    <subfield code="1">0</subfield>
    <subfield code="4">0</subfield>
    <subfield code="7">0</subfield>
    <subfield code="a">BCEJYS</subfield>
    <subfield code="b">BCEJYS</subfield>
    <subfield code="c">17</subfield>
    <subfield code="d">1976-10-01</subfield>
    <subfield code="h">N&#xBA; 10 - oct. 1976</subfield>
    <subfield code="l">0</subfield>
    <subfield code="o">H349.2 SOC 10.1976</subfield>
    <subfield code="p">R07810</subfield>
    <subfield code="r">2026-04-10 16:07:38</subfield>
    <subfield code="w">2026-04-10</subfield>
    <subfield code="y">RN</subfield>
  </datafield>
  <datafield tag="952" ind1=" " ind2=" ">
    <subfield code="0">0</subfield>
    <subfield code="1">0</subfield>
    <subfield code="4">0</subfield>
    <subfield code="7">0</subfield>
    <subfield code="a">BCEJYS</subfield>
    <subfield code="b">BCEJYS</subfield>
    <subfield code="c">17</subfield>
    <subfield code="d">1976-09-01</subfield>
    <subfield code="h">N&#xBA; 9 - sep. 1976</subfield>
    <subfield code="l">0</subfield>
    <subfield code="o">H349.2 SOC 9.1976</subfield>
    <subfield code="p">R07809</subfield>
    <subfield code="r">2026-04-10 16:07:38</subfield>
    <subfield code="w">2026-04-10</subfield>
    <subfield code="y">RN</subfield>
  </datafield>
  <datafield tag="952" ind1=" " ind2=" ">
    <subfield code="0">0</subfield>
    <subfield code="1">0</subfield>
    <subfield code="4">0</subfield>
    <subfield code="7">0</subfield>
    <subfield code="a">BCEJYS</subfield>
    <subfield code="b">BCEJYS</subfield>
    <subfield code="c">17</subfield>
    <subfield code="d">1976-08-01</subfield>
    <subfield code="h">N&#xBA; 8 - ago. 1976</subfield>
    <subfield code="l">0</subfield>
    <subfield code="o">H349.2 SOC 8.1976</subfield>
    <subfield code="p">R07808</subfield>
    <subfield code="r">2026-04-10 16:07:38</subfield>
    <subfield code="w">2026-04-10</subfield>
    <subfield code="y">RN</subfield>
  </datafield>
  <datafield tag="952" ind1=" " ind2=" ">
    <subfield code="0">0</subfield>
    <subfield code="1">0</subfield>
    <subfield code="4">0</subfield>
    <subfield code="7">0</subfield>
    <subfield code="a">BCEJYS</subfield>
    <subfield code="b">BCEJYS</subfield>
    <subfield code="c">17</subfield>
    <subfield code="d">1976-07-01</subfield>
    <subfield code="h">N&#xBA; 7 - jul. 1976</subfield>
    <subfield code="l">0</subfield>
    <subfield code="o">H349.2 SOC 7.1976</subfield>
    <subfield code="p">R07807</subfield>
    <subfield code="r">2026-04-10 16:07:38</subfield>
    <subfield code="w">2026-04-10</subfield>
    <subfield code="y">RN</subfield>
  </datafield>
  <datafield tag="952" ind1=" " ind2=" ">
    <subfield code="0">0</subfield>
    <subfield code="1">0</subfield>
    <subfield code="4">0</subfield>
    <subfield code="7">0</subfield>
    <subfield code="a">BCEJYS</subfield>
    <subfield code="b">BCEJYS</subfield>
    <subfield code="c">17</subfield>
    <subfield code="d">1976-05-01</subfield>
    <subfield code="h">N&#xBA; 5/6 - mayo/jun. 1976</subfield>
    <subfield code="l">0</subfield>
    <subfield code="o">H349.2 SOC 5/6.1976</subfield>
    <subfield code="p">R07806</subfield>
    <subfield code="r">2026-04-10 16:07:38</subfield>
    <subfield code="w">2026-04-10</subfield>
    <subfield code="y">RN</subfield>
  </datafield>
  <datafield tag="952" ind1=" " ind2=" ">
    <subfield code="0">0</subfield>
    <subfield code="1">0</subfield>
    <subfield code="4">0</subfield>
    <subfield code="7">0</subfield>
    <subfield code="a">BCEJYS</subfield>
    <subfield code="b">BCEJYS</subfield>
    <subfield code="c">17</subfield>
    <subfield code="d">1976-04-01</subfield>
    <subfield code="h">N&#xBA; 4 - abr. 1976</subfield>
    <subfield code="l">0</subfield>
    <subfield code="o">H349.2 SOC 4.1976</subfield>
    <subfield code="p">R07805</subfield>
    <subfield code="r">2026-04-10 16:07:38</subfield>
    <subfield code="w">2026-04-10</subfield>
    <subfield code="y">RN</subfield>
  </datafield>
  <datafield tag="952" ind1=" " ind2=" ">
    <subfield code="0">0</subfield>
    <subfield code="1">0</subfield>
    <subfield code="4">0</subfield>
    <subfield code="7">0</subfield>
    <subfield code="a">BCEJYS</subfield>
    <subfield code="b">BCEJYS</subfield>
    <subfield code="c">17</subfield>
    <subfield code="d">1976-03-01</subfield>
    <subfield code="h">N&#xBA; 3 - mar. 1976</subfield>
    <subfield code="l">0</subfield>
    <subfield code="o">H349.2 SOC 3.1976</subfield>
    <subfield code="p">R07804</subfield>
    <subfield code="r">2026-04-10 16:07:38</subfield>
    <subfield code="w">2026-04-10</subfield>
    <subfield code="y">RN</subfield>
  </datafield>
  <datafield tag="952" ind1=" " ind2=" ">
    <subfield code="0">0</subfield>
    <subfield code="1">0</subfield>
    <subfield code="4">0</subfield>
    <subfield code="7">0</subfield>
    <subfield code="a">BCEJYS</subfield>
    <subfield code="b">BCEJYS</subfield>
    <subfield code="c">17</subfield>
    <subfield code="d">1976-02-01</subfield>
    <subfield code="h">N&#xBA; 2 - feb. 1976</subfield>
    <subfield code="l">0</subfield>
    <subfield code="o">H349.2 SOC 2.1976</subfield>
    <subfield code="p">R07803</subfield>
    <subfield code="r">2026-04-10 16:07:38</subfield>
    <subfield code="w">2026-04-10</subfield>
    <subfield code="y">RN</subfield>
  </datafield>
  <datafield tag="952" ind1=" " ind2=" ">
    <subfield code="0">0</subfield>
    <subfield code="1">0</subfield>
    <subfield code="4">0</subfield>
    <subfield code="7">0</subfield>
    <subfield code="a">BCEJYS</subfield>
    <subfield code="b">BCEJYS</subfield>
    <subfield code="c">17</subfield>
    <subfield code="d">1976-01-01</subfield>
    <subfield code="h">N&#xBA; 1 - ene. 1976</subfield>
    <subfield code="l">0</subfield>
    <subfield code="o">H349.2 SOC 1.1976</subfield>
    <subfield code="p">R07802</subfield>
    <subfield code="r">2026-04-10 16:07:38</subfield>
    <subfield code="w">2026-04-10</subfield>
    <subfield code="y">RN</subfield>
  </datafield>
</record>
